{"text_format":"2","workbook":"xlsx","n_sheets":5,"sheets":["PLANILH ORÇAMENTÁRIA","CPU","BDI_SERV","BDI_MAT","CRONOGRAMA"],"not_rendered":{"charts":0,"images":4,"macros":1,"external_links":0,"defined_names":9,"comments":0,"pivot_tables":0},"unopened":[],"bounds":{"document_bytes":16777216,"sheet_cells":100000,"run_cost":"one","rows_first":2000,"rows_last":500,"rows_between":2000,"halvings":0,"cell_chars":16384,"cell_head_chars":4096},"cells_cut":0,"cells_raw":0,"read":"whole","date_system":"1900"}

{"sheet":"PLANILH ORÇAMENTÁRIA","index":0,"n_rows":165,"n_cols":10,"rows_kept":165,"cut":false,"hidden":false,"merged":[[8,0,8,7],[164,0,164,7]]}
[null,null,null,"MINITÉRIO DA INTEGRAÇÃO E DESENVOLVIMENTO REGIONAL",{"$nulls":5},"BDI serviç"]
[null,null,null,"COMPANHIA DE DESENVOLVIMENTO DOS VALES DO SÃO FRANCISCO E DO PARNAÍBA",{"$nulls":5},"BDI fornec."]
[null,null,null,"1° SUPERINTENDÊNCIA REGIONAL"]
["NOVO GALPÃO 1ª SR"]
["Local:","Montes Claros - MG",{"$nulls":5},"BDI Serviços:",{"$f":"BDI_SERV!B33","v":0.22900000000000001},{"$f":"(BDI_SERV!B33)+1","v":1.2290000000000001}]
["Data:","2023-11-22",{"$nulls":5},"BDI Materiais:",{"$f":"BDI_MAT!B32","v":0.153},{"$f":"(BDI_MAT!B32)+1","v":1.153}]
["Bases:","SINAPI - 09/2023 | SICRO - 07/2023 | COPASA - 10/2023 | SETOP - 08/2023"]
["ITEM","BASE","CÓDIGO","DESCRIÇÃO","UNID.","QUANT.","UNIT. (SEM BDI)","UNIT. (COM BDI)","TOTAL (R$)"]
["TOTAL ",{"$nulls":7},{"$f":"SUM(I10,I15)","v":903944.92}]
[1,null,null,"ITENS DE RATEIO",{"$nulls":4},{"$f":"SUM(I11:I14)","v":130866.46999999999}]
["1.1","CPU",{"$f":"CPU!H9","v":"CPU001"},{"$f":"CPU!A11","v":"ADMINISTRAÇÃO LOCAL "},"GB",1,{"$f":"(J11)","v":96805.037700000001},{"$f":"(J11*J$5)","v":118973.39133330001},{"$f":"ROUND(F11*H11,2)","v":118973.39},{"$f":"CPU!H29","v":96805.037700000001}]
["1.2","CPU",{"$f":"CPU!H31","v":"CPU002"},{"$f":"CPU!A33","v":"MOBILIZAÇÃO E DESMOBILIZAÇÃO"},"GB",1,{"$f":"(J12)","v":3213.4800000000005},{"$f":"(J12*J$5)","v":3949.3669200000008},{"$f":"ROUND(F12*H12,2)","v":3949.37},{"$f":"CPU!H43","v":3213.4800000000005}]
["1.3","SINAPI",103689,"FORNECIMENTO E INSTALAÇÃO DE PLACA DE OBRA COM CHAPA GALVANIZADA E ESTRUTURA DE MADEIRA.","M2",6,{"$f":"(J13)","v":307.73},378.20017000000007,{"$f":"ROUND(F13*H13,2)","v":2269.1999999999998},307.73]
["1.4","SINAPI",10776,"LOCACAO DE CONTAINER 2,30 X 6,00 M, ALT. 2,50 M, PARA ESCRITORIO, SEM DIVISORIAS INTERNAS E SEM SANITARIO (NAO INCLUI MOBILIZACAO/DESMOBILIZACAO)","MÊS",6,{"$f":"(J14)","v":769.53},945.75237000000004,{"$f":"ROUND(F14*H14,2)","v":5674.51},769.53]
[2,null,null,"NOVO GALPÃO",{"$nulls":4},{"$f":"SUM(I16,I25,I32,I53,I86,I66,I74,I58,I69,I41,I78)","v":773078.45000000007}]
["2.1",null,null,"SERVIÇOS PRELIMINARES",{"$nulls":4},{"$f":"SUM(I17:I24)","v":21853.65}]
["2.1.1","SINAPI",99059,"LOCACAO CONVENCIONAL DE OBRA, UTILIZANDO GABARITO DE TÁBUAS CORRIDAS PONTALETADAS A CADA 2,00M","M",50,{"$f":"(J17)","v":65.42},{"$f":"(J17*J$5)","v":80.401180000000011},{"$f":"ROUND(F17*H17,2)","v":4020.06},65.42]
["2.1.2","SETOP","ED-19754 ","MOBILIZAÇÃO E DESMOBILIZAÇÃO DE EQUIPAMENTO PARA\nESTACA TIPO HÉLICE CONTÍNUA (CUSTO VARIÁVEL), EXCLUSIVE\nCUSTO FIXO DE TRANSPORTE","KM",30,25.61,31.474690000000002,{"$f":"ROUND(F18*H18,2)","v":944.24},25.61]
["2.1.3","CPU",{"$f":"CPU!H260","v":"CPU014"},"DEMOLIÇÃO MECANIZADA DE PISO DE CONCRETO","M2",50,16.292000000000002,20.022868000000003,{"$f":"ROUND(F19*H19,2)","v":1001.14},{"$f":"CPU!H275","v":16.292000000000002}]
["2.1.4","SINAPI",97635,"REMOÇÃO DE PISO DE BLOCO INTERTRAVADO, DE FORMA MANUAL, COM EMPILHAMENTO PARA REAPROVEITAMENTO. ","M2",625,14.31,17.586990000000004,{"$f":"ROUND(F20*H20,2)","v":10991.87},14.31]
["2.1.5","SINAPI",97647,"REMOÇÃO DE COBERTURA EM TELHAS, DE FIBROCIMENTO, METÁLICA E CERÂMICA, DE FORMA MANUAL, COM EMPILHAMENTO PARA REAPROVEITAMENTO. ","M2",{"$f":"6*25*2","v":300},3.36,4.1294399999999998,{"$f":"ROUND(F21*H21,2)","v":1238.83},3.36]
["2.1.6","SINAPI",97642,"REMOÇÃO DE TRAMA METÁLICA OU DE MADEIRA PARA FORRO, DE FORMA MANUAL, COM EMPILHAMENTO PARA REAPROVEITAMENTO. ","M2",{"$f":"6*25*2","v":300},2.88,3.53952,1061.8599999999999,2.88]
["2.1.7","SINAPI","93589","TRANSPORTE COM CAMINHÃO BASCULANTE DE 10 M³, EM VIA URBANA EM REVESTIMENTO PRIMÁRIO ","M3XKM",{"$f":"40*10","v":400},2.67,3.2814300000000003,{"$f":"ROUND(F23*H23,2)","v":1312.57},2.67]
["2.1.8","SINAPI",93593,"TRANSPORTE COM CAMINHÃO BASCULANTE DE 14 M³, EM VIA URBANA PAVIMENTADA, ADICIONAL PARA DMT EXCEDENTE A 30 KM ","M3XKM",{"$f":"40*30","v":1200},2.67,1.0692300000000001,{"$f":"ROUND(F24*H24,2)","v":1283.08},0.87]
["2.2",null,null,"MOVIMENTO DE TERRA",{"$nulls":4},{"$f":"SUM(I26:I31)","v":16165.039999999999}]
["2.2.1","SINAPI",101254,"ESCAVAÇÃO VERTICAL PARA EDIFICAÇÃO, COM CARGA, DESCARGA E TRANSPORTE DE SOLO DE 1ª CATEGORIA, COM ESCAVADEIRA HIDRÁULICA (CAÇAMBA: 0,8 M³ / 111HP), FROTA DE 3 CAMINHÕES BASCULANTES DE 10 M³, DMT ATÉ 1 KM.","M3",50,{"$f":"(J26)","v":12.9},15.854100000000001,{"$f":"ROUND(F26*H26,2)","v":792.71},12.9]
["2.2.2","SINAPI",101117,"ESCAVACAO E CARGA MECÂNICA DE MATERIAL 1A CATEGORIA","M3",{"$f":"500*0.25+25","v":150},3.12,3.8344800000000006,575.16999999999996,3.12]
["2.2.3","SINAPI","93358","ESCAVAÇÃO MANUAL DE VALA COM PROFUNDIDADE MENOR OU IGUAL A 1,30 M. ","M3",50,78.17,96.070930000000004,4803.55,78.17]
["2.2.4","SINAPI",96385,"EXECUÇÃO E COMPACTAÇÃO DE ATERRO COM SOLO PREDOMINANTEMENTE ARGILOSO - EXCLUSIVE SOLO, ESCAVAÇÃO, CARGA E TRANSPORTE. ","M3",{"$f":"500*0.25+25","v":150},11.94,14.67426,2201.14,11.94]
["2.2.5","SINAPI",100574,"ESPALHAMENTO DE MATERIAL COM TRATOR DE ESTEIRAS. ","M3",{"$f":"500*0.25+25","v":150},1.47,1.8066300000000002,270.99,1.47]
["2.2.6","SINAPI",95426,"TRANSPORTE COM CAMINHÃO BASCULANTE DE 18 M³, EM VIA URBANA EM REVESTIMENTO PRIMÁRIO.","M3XKM",{"$f":"(F26+F30)*15","v":3000},2.04,2.5071600000000003,7521.48,2.04]
["2.3",null,null,"FUNDAÇÕES/ ESTRUTURAS DE CONCRETO ARMADO",{"$nulls":4},{"$f":"SUM(I33:I40)","v":219829.12}]
["2.3.1","SICRO",407819,{"$f":"UPPER(\"Armação em aço CA-50 - fornecimento, preparo e colocação\")","v":"ARMAÇÃO EM AÇO CA-50 - FORNECIMENTO, PREPARO E COLOCAÇÃO"},"KG",1500,{"$f":"(J33)","v":11.73},14.416170000000001,{"$f":"ROUND(F33*H33,2)","v":21624.26},11.73]
["2.3.2","SICRO",407820,{"$f":"UPPER(\"Armação em aço CA-60 - fornecimento, preparo e colocação\")","v":"ARMAÇÃO EM AÇO CA-60 - FORNECIMENTO, PREPARO E COLOCAÇÃO"},"KG",300,12.65,15.546850000000001,{"$f":"ROUND(F34*H34,2)","v":4664.0600000000004},12.65]
["2.3.3","SICRO",3106121,{"$f":"UPPER(\"Formas de tábuas de pinho - utilização de 3 vezes - fornecimento, instalação e retirada\")","v":"FORMAS DE TÁBUAS DE PINHO - UTILIZAÇÃO DE 3 VEZES - FORNECIMENTO, INSTALAÇÃO E RETIRADA"},"M2",200,86.29,106.05041000000001,21210.080000000002,86.29]
["2.3.4","SETOP","ED-49632 ","FORNECIMENTO DE CONCRETO ESTRUTURAL, USINADO, COM\nFCK 35MPA, INCLUSIVE LANÇAMENTO, ADENSAMENTO E\nACABAMENTO","M3",15,812.63,998.72227000000009,14980.83,812.63]
["2.3.5","SETOP","ED-49630 ","FORNECIMENTO DE CONCRETO ESTRUTURAL, USINADO, COM\nFCK 25MPA, INCLUSIVE LANÇAMENTO, ADENSAMENTO E\nACABAMENTO","M3",10,{"$f":"(J37)","v":762.04},936.54716000000008,{"$f":"ROUND(F37*H37,2)","v":9365.4699999999993},762.04]
["2.3.6","SETOP","ED-49812 ","LASTRO DE CONCRETO MAGRO, INCLUSIVE TRANSPORTE,\nLANÇAMENTO E ADENSAMENTO","M3",3,550.01,675.96229000000005,2027.89,550.01]
["2.3.7","CPU",{"$f":"CPU!H334","v":"CPU018"},{"$f":"CPU!A336","v":"EXECUÇÃO DE PISO INDUSTRIAL DE CONCRETO ARMADO, FCK = 20 MPA, ESPESSURA DE 12,0 CM. "},"M2",520,{"$f":"(J39)","v":143.07875622999998},175.84379140666999,{"$f":"ROUND(F39*H39,2)","v":91438.77},{"$f":"CPU!H365","v":143.07875622999998}]
["2.3.8","CPU",{"$f":"CPU!H175","v":"CPU010"},{"$f":"CPU!A177","v":"ESTACA HÉLICE CONTÍNUA, DIÂMETRO DE 60 CM, INCLUSO CONCRETO FCK=25MPA E ARMADURA (EXCLUSIVE MOBILIZAÇÃO E DESMOBILIZAÇÃO). "},"M",120,{"$f":"(J40)","v":369.66208922276002},454.31470765477212,{"$f":"ROUND(F40*H40,2)","v":54517.760000000002},{"$f":"CPU!H203","v":369.66208922276002}]
["2.4",null,null,"CONTRUÇÃO CIVIL",{"$nulls":4},{"$f":"SUM(I42:I52)","v":110914.99}]
["2.4.1","SINAPI",103318,"ALVENARIA DE VEDAÇÃO DE BLOCOS VAZADOS DE CONCRETO DE 14X19X39 CM (ESPESSURA 14 CM) E ARGAMASSA DE ASSENTAMENTO COM PREPARO EM BETONEIRA.","M2",200,{"$f":"(J42)","v":92.09},113.17861000000001,{"$f":"ROUND(F42*H42,2)","v":22635.72},92.09]
["2.4.2","SINAPI",89472,"ALVENARIA DE BLOCOS DE CONCRETO ESTRUTURAL 14X19X39 CM (ESPESSURA 14 CM), FBK = 14 MPA, UTILIZANDO COLHER DE PEDREIRO. ","M2",80,108.92,133.86268000000001,10709.01,108.92]
["2.4.3","SINAPI",87879,"CHAPISCO APLICADO EM ALVENARIAS E ESTRUTURAS DE CONCRETO INTERNAS, COM COLHER DE PEDREIRO. ARGAMASSA TRAÇO 1:3 COM PREPARO EM BETONEIRA 400L.","M2",50,4.3899999999999997,5.3953100000000003,269.77,4.3899999999999997]
["2.4.4","SETOP","ED-50762 ","REVESTIMENTO COM ARGAMASSA EM CAMADA ÚNICA, APLICADO EM PAREDE, TRAÇO 1:3 (CIMENTO E AREIA), ESP. 20MM, APLICAÇÃO MANUAL, INCLUSIVE ARGAMASSA COM PREPARO MECANIZADO, EXCLUSIVE CHAPISCO","M2",50,32.07,39.414030000000004,1970.7,32.07]
["2.4.5","CPU",{"$f":"CPU!H243","v":"CPU013"},{"$f":"CPU!A245","v":"APLICAÇÃO DE SELANTE, MASTIQUE ELÁSTICO, EM JUNTA DE DILATAÇÃO, DIMENSÃO 4X12 MM"},"M",130,26.965805000000003,33.140974345000004,4308.33,{"$f":"CPU!H258","v":26.965805000000003}]
["2.4.6","COPASA",65000141,"LAJE PRE-MOLDADA PARA FORRO (CARGA 100 KG/M2), ARMADA NA MENOR DIMENSAO DE ATE 3M ","M2",10,118.34,145.43986000000001,1454.4,118.34]
["2.4.7","SETOP","ED-23035 ","PORTA METÁLICA VENEZIANA, TIPO DE ABRIR, COM UMA (1)\nFOLHA, EM PERFIL VENEZIANA ENRIJECIDO, INCLUSIVE PINTURA\nANTICORROSIVA A BASE DE ÓXIDO DE FERRO (ZARCÃO), UMA (1) DEMÃO, FORNECIMENTO E ASSENTAMENTO, EXCLUSIVE\nFECHADURA E DOBRADIÇA","M2",2.1,368.66,453.08314000000007,951.47,368.66]
["2.4.8","SINAPI",88489,"PINTURA LÁTEX ACRÍLICA PREMIUM, APLICAÇÃO MANUAL EM PAREDES, DUAS DEMÃOS. ","M2",3000,11.64,14.305560000000002,42916.68,11.64]
["2.4.9","SINAPI",98555,"IMPERMEABILIZAÇÃO DE SUPERFÍCIE COM ARGAMASSA POLIMÉRICA / MEMBRANA ACRÍLICA, 3 DEMÃOS.","M2",120,29.18,35.862220000000001,4303.47,29.18]
["2.4.10","CPU",{"$f":"CPU!H367","v":"CPU019"},{"$f":"CPU!A369","v":"FECHAMENTO DE VÃOS LATERAIS COM VENEZIANA EM CHAPA DE AÇO GALVALUME PRÉ-PINTADA, INCLUSO IÇAMENTO."},"M2",50,307.37720999999999,377.76659109000002,18888.330000000002,{"$f":"CPU!H387","v":307.37720999999999}]
["2.4.11","CPU",{"$f":"CPU!H312","v":"CPU017"},{"$f":"CPU!A314","v":"FECHAMENTO DE VÃO DE FACHADA EM TELHA METÁLICA TRAPEZOIDAL, INCLUSO IÇAMENTO."},"M2",40,50.998949999999994,62.677709549999996,2507.11,{"$f":"CPU!H332","v":50.998949999999994}]
["2.5",null,null,"COBERTURA",{"$nulls":4},{"$f":"SUM(I54:I57)","v":65405.38}]
["2.5.1","SINAPI",94213,"TELHAMENTO COM TELHA DE AÇO/ALUMÍNIO E = 0,5 MM, COM ATÉ 2 ÁGUAS, INCLUSO IÇAMENTO. ","M2",362,{"$f":"(J54)","v":61.75},75.890750000000011,{"$f":"ROUND(F54*H54,2)","v":27472.45},61.75]
["2.5.2","CPU",{"$f":"CPU!H290","v":"CPU016"},{"$f":"CPU!A292","v":"TELHAMENTO COM TELHA TRANSLÚCIDA DE POLICARBONATO, INCLUSO IÇAMENTO."},"M2",188.4,{"$f":"(J55)","v":132.71046999999999},163.10116762999999,{"$f":"ROUND(F55*H55,2)","v":30728.26},{"$f":"CPU!H310","v":132.71046999999999}]
["2.5.3","SINAPI",94227,"CALHA EM CHAPA DE AÇO GALVANIZADO NÚMERO 24, DESENVOLVIMENTO DE 33 CM, INCLUSO TRANSPORTE VERTICAL.","M",64.8,{"$f":"(J56)","v":67.599999999999994},83.080399999999997,{"$f":"ROUND(F56*H56,2)","v":5383.61},67.599999999999994]
[null,"SETOP","ED-48402","COLOCAÇÃO DE CUMEEIRA GALVANIZADA TRAPEZOIDAL E = 0,50 MM, SIMPLES","M",26,{"$f":"(J57)","v":56.99},70.040710000000004,{"$f":"ROUND(F57*H57,2)","v":1821.06},56.99]
["2.6",null,null,"ESTRUTURAS METÁLICAS",{"$nulls":4},{"$f":"SUM(I59:I65)","v":207467.49000000002}]
["2.6.1","SINAPI",100765,"PILAR METÁLICO PERFIL LAMINADO/SOLDADO EM AÇO ESTRUTURAL, COM CONEXÕES PARAFUSADAS, INCLUSOS MÃO DE OBRA, TRANSPORTE E IÇAMENTO UTILIZANDO GUINDASTE - FORNECIMENTO E INSTALAÇÃO.","KG",2566.3000000000002,{"$f":"(J59)","v":15.13},18.594770000000004,{"$f":"ROUND(F59*H59,2)","v":47719.76},15.13]
["2.6.2","SINAPI",100763,"VIGA METÁLICA EM PERFIL LAMINADO OU SOLDADO EM AÇO ESTRUTURAL, COM CONEXÕES PARAFUSADAS, INCLUSOS MÃO DE OBRA, TRANSPORTE E IÇAMENTO UTILIZANDO GUINDASTE - FORNECIMENTO E INSTALAÇÃO.","KG",2270.3000000000002,16.13,19.82377,45005.91,16.13]
["2.6.3","SINAPI",104314,"TRAMA DE AÇO COMPOSTA POR TERÇAS PARA TELHADOS DE ATÉ 2 ÁGUAS PARA TELHA ONDULADA DE FIBROCIMENTO, METÁLICA, PLÁSTICA OU TERMOACÚSTICA, INCLUSO TRANSPORTE VERTICAL.","KG",2332.8000000000002,11.33,13.924570000000001,32483.24,11.33]
["2.6.4","SINAPI",100378,"FABRICAÇÃO E INSTALAÇÃO DE TESOURA (INTEIRA OU MEIA) EM AÇO, VÃOS MAIORES QUE 6,0 M E MENORES QUE 12,0 M, INCLUSO IÇAMENTO.","KG",4003.2,11.13,13.678770000000002,54758.85,11.13]
["2.6.5","CPU",{"$f":"CPU!H137","v":"CPU008"},{"$f":"CPU!A139","v":"FORNECIMENTO E INSTALAÇÃO DE TIRANTE EM AÇO 10mm INCLUSO IÇAMENTO"},"KG",293.5,9.9379240000000006,12.213708596000002,3584.72,{"$f":"CPU!H157","v":9.9379240000000006}]
["2.6.6","CPU",{"$f":"CPU!H159","v":"CPU009"},{"$f":"CPU!A161","v":"FORNECIMENTO E INSTALAÇÃO DE CHUMBADORES DE AÇO GALVANIZADO PARA FIXAÇÃO DOS PILARES"},"UNID.",81,113.416,139.38826399999999,11290.45,{"$f":"CPU!H173","v":113.416}]
["2.6.7","SINAPI",100770,"CONTRAVENTAMENTO COM CANTONEIRAS DE AÇO, ABAS IGUAIS, COM CONEXÕES SOLDADAS, INCLUSOS MÃO DE OBRA, TRANSPORTE E IÇAMENTO UTILIZANDO GUINDASTE, PARA EDIFÍCIOS DE 3 A 5 PAVIMENTOS - FORNECIMENTO E INSTALAÇÃO. ","KG",478,21.49,26.411210000000001,12624.56,21.49]
["2.7",null,null,"PINTURAS",{"$nulls":4},{"$f":"SUM(I67:I68)","v":46584.020000000004}]
["2.7.1","SINAPI",100719,"PINTURA COM TINTA ALQUÍDICA DE FUNDO (TIPO ZARCÃO) PULVERIZADA SOBRE PERFIL METÁLICO EXECUTADO EM FÁBRICA (POR DEMÃO). ","M2",1600,{"$f":"(J67)","v":12.17},14.956930000000002,{"$f":"ROUND(F67*H67,2)","v":23931.09},12.17]
["2.7.2","SINAPI",100739,"PINTURA COM TINTA ALQUÍDICA DE ACABAMENTO (ESMALTE SINTÉTICO ACETINADO) PULVERIZADA SOBRE PERFIL METÁLICO EXECUTADO EM FÁBRICA (POR DEMÃO).","M2",1600,{"$f":"(J68)","v":11.52},14.15808,{"$f":"ROUND(F68*H68,2)","v":22652.93},11.52]
["2.8",null,null,"SERVIÇOS DIVERSOS",{"$nulls":4},{"$f":"SUM(I70:I73)","v":43067.619999999995}]
["2.8.1","CPU",{"$f":"CPU!H110","v":"CPU007"},{"$f":"CPU!A112","v":"LASTRO COM MATERIAL GRANULAR (PEDRA BRITADA N.2), ESPESSURA DE 3 CM PARA PLATAFORMA DO LAVA-JATO"},"M3",10,{"$f":"(J70)","v":189.97662},233.48126598000002,{"$f":"ROUND(F70*H70,2)","v":2334.81},{"$f":"CPU!H135","v":189.97662}]
["2.8.2","CPU",{"$f":"CPU!H90","v":"CPU006"},{"$f":"CPU!A92","v":"ANDAIME TIPO FACHADEIRO, INCLUSIVE ESTRADO DE MADEIRA"},"M2",80,{"$f":"(J71)","v":95.02170000000001},116.78166930000002,{"$f":"ROUND(F71*H71,2)","v":9342.5300000000007},{"$f":"CPU!H108","v":95.02170000000001}]
["2.8.3","SETOP","ED-50985","PORTÃO EM PERFIL E CHAPA METÁLICA, EXCLUSIVE CADEADO E PINTURA","M2",44.25,{"$f":"(J72)","v":533.25},655.36425000000008,{"$f":"ROUND(F72*H72,2)","v":28999.87},533.25]
["2.8.4","CPU",{"$f":"CPU!H277","v":"CPU015"},{"$f":"CPU!A279","v":"TRANSPORTE DE ENTULHO PARA BOTA FORA EM CAMINHÃO BASCULANTE, INCLUSO CARGA E DESCARGA"},"M3",100,{"$f":"(J73)","v":19.45},23.904050000000002,{"$f":"ROUND(F73*H73,2)","v":2390.41},{"$f":"CPU!H288","v":19.45}]
["2.9",null,null,"ASSENTAMENTOS",{"$nulls":4},{"$f":"SUM(I75:I77)","v":6430.9699999999993}]
["2.9.1","CPU",{"$f":"CPU!H223","v":"CPU012"},{"$f":"CPU!A225","v":"EXECUÇÃO DE INSTALAÇÕES HIDROSSANITÁRIAS, EXCLUSIVE MATERIAIS"},"GB",1,{"$f":"(J75)","v":3949.727296},4854.2148467840007,{"$f":"ROUND(F75*H75,2)","v":4854.21},{"$f":"CPU!H241","v":3949.727296}]
["2.9.2","CPU",{"$f":"CPU!H205","v":"CPU011"},{"$f":"CPU!A207","v":"SUPORTE PARA TUBO EM FITA PERFURADA DE AÇO INOXIDÁVEL 19mm, INCLUSO PARAFUSO E BUCHA DE NYLON, CONFORME ESPECIFICAÇÕES DE PROEJTO - FORNECIMENTO E INSTALAÇÃO"},"UNID.",40,{"$f":"(J76)","v":21.679000000000002},26.643491000000004,{"$f":"ROUND(F76*H76,2)","v":1065.74},{"$f":"CPU!H221","v":21.679000000000002}]
["2.9.3","SINAPI",100861,"SUPORTE MÃO FRANCESA EM AÇO, ABAS IGUAIS 30 CM, CAPACIDADE MINIMA 60 KG, BRANCO - FORNECIMENTO E INSTALAÇÃO.","UNID.",12,{"$f":"(J77)","v":34.65},42.584850000000003,{"$f":"ROUND(F77*H77,2)","v":511.02},34.65]
["2.10",null,null,"INSTALAÇÕES ELÉTRICAS",{"$nulls":4},{"$f":"SUM(I79:I85)","v":10414.540000000001}]
["2.10,1","CPU",{"$f":"CPU!H77","v":"CPU005"},{"$f":"CPU!A79","v":"EXECUÇÃO DE INSTALAÇÕES ELÉTRICAS, EXCLUSIVE EQUIPAMENTOS"},"GB",1,{"$f":"(J79)","v":5798.4},7126.2336000000005,{"$f":"ROUND(F79*H79,2)","v":7126.23},{"$f":"CPU!H88","v":5798.4}]
["2.10,2","SETOP","ED-15114 ","DISJUNTOR DE PROTEÇÃO DIFERENCIAL RESIDUAL (DR),\nBIPOLAR, TIPO DIN, CORRENTE NOMINAL DE 25A, ALTA\nSENSIBILIDADE, CORRENTE DIFERENCIAL RESIDUAL NOMINAL\nCOM ATUAÇÃO DE 30MA","UNID.",2,{"$f":"(J80)","v":127.94},157.23826,{"$f":"ROUND(F80*H80,2)","v":314.48},127.94]
["2.10,3","SETOP","ED-15117 ","DISJUNTOR DE PROTEÇÃO DIFERENCIAL RESIDUAL (DR),\nTETRAPOLAR, TIPO DIN, CORRENTE NOMINAL DE 63A, ALTA\nSENSIBILIDADE, CORRENTE DIFERENCIAL RESIDUAL NOMINAL\nCOM ATUAÇÃO DE 30MA","UNID.",2,164.47,202.13363000000001,404.27,164.47]
["2.10,4","SETOP","ED-15763 ","CONJUNTO DE UM (1) MÓDULO COM FURO PARA SAÍDA DE FIO\nØ10MM, COM PLACA 4\"X2\" DE UM (1) POSTO, INCLUSIVE\nFORNECIMENTO, INSTALAÇÃO, SUPORTE, MÓDULO E PLACA","UNID.",2,12.79,{"$f":"(J82*J$5)","v":15.718909999999999},31.44,12.79]
["2.10,5","SETOP","ED-15756 ","CONJUNTO DE DUAS (2) TOMADAS PADRÃO, TRÊS (3) POLOS,\nCORRENTE 20A, TENSÃO 250V, (2P+T/20A-250V), COM PLACA 4\"X2\" DE DOIS (2) POSTOS, INCLUSIVE FORNECIMENTO, INSTALAÇÃO, SUPORTE, MÓDULO E PLACA","UNID.",1,{"$f":"(J83)","v":42.59},52.34311000000001,{"$f":"ROUND(F83*H83,2)","v":52.34},42.59]
["2.10,6","SETOP","ED-49168 ","CAIXA DE PASSAGEM EM ALVENARIA E TAMPA DE CONCRETO,\nFUNDO DE BRITA, TIPO 1, 30 X 30 X 40 CM, INCLUSIVE ESCAVAÇÃO, REATERRO E BOTA-FORA","UNID.",5,167.64,206.02956,1030.1500000000001,167.64]
["2.10,7","SETOP","ED-49166 ","CAIXA DE PASSAGEM PARA PISO EM ALUMÍNIO, TAMPA\nREVERSÍVEL (ANTIDERRAPANTE OU LISA), DIMENSÃO (300X300X120)MM, INCLUSIVE ACESSÓRIOS E FIXAÇÃO","UNID.",5,236.88,291.12551999999999,1455.63,236.88]
["2.11",null,null,"MATERIAIS",{"$nulls":4},{"$f":"SUM(I87:I164)","v":24945.63}]
["2.11.1","SINAPI",9837,"TUBO PVC SERIE NORMAL, DN 75 MM, PARA ESGOTO PREDIAL","M",24,{"$f":"(J87)","v":14.96},{"$f":"(J87*J$6)","v":17.24888},{"$f":"ROUND(F87*H87,2)","v":413.97},14.96]
["2.11.2","SINAPI",9836,"TUBO PVC SERIE NORMAL, DN 100 MM, PARA ESGOTO PREDIAL (NBR 5688) ","M",30,15.8,{"$f":"(J88*J$6)","v":18.217400000000001},546.52,15.8]
["2.11.3","SINAPI",20065,"TUBO PVC SERIE NORMAL, DN 150 MM, PARA ESGOTO PREDIAL (NBR 5688) ","M",60,41.3,{"$f":"(J89*J$6)","v":47.618899999999996},2857.13,41.3]
["2.11.4","COPASA",25002276,"TUBO PVC ESG.PRIM.PB JE DN200X6M","M",36,22.48,25.919440000000002,933.1,22.48]
["2.11.5","SINAPI",9868,"TUBO PVC, SOLDAVEL, DE 25 MM, AGUA FRIA (NBR-5648) ","M",12,4.3099999999999996,4.96943,59.63,4.3099999999999996]
["2.11.6","SINAPI",9869,"TUBO PVC, SOLDAVEL, DE 32 MM, AGUA FRIA (NBR-5648)","M",36,9.3000000000000007,10.722900000000001,386.02,9.3000000000000007]
["2.11.7","SINAPI",97,"ADAPTADOR PVC SOLDAVEL, COM FLANGE E ANEL DE VEDACAO, 32 MM X 1\", PARA CAIXA D'AGUA","UNID.",4,19.239999999999998,22.183719999999997,88.73,19.239999999999998]
["2.11.8","SINAPI",96,"ADAPTADOR PVC SOLDAVEL, COM FLANGE E ANEL DE VEDACAO, 25 MM X 3/4\", PARA CAIXA D'AGUA","UNID.",1,12.79,14.746869999999999,14.75,12.79]
["2.11.9","SINAPI",11674,"REGISTRO DE ESFERA, PVC, COM VOLANTE, VS, SOLDAVEL, DN 25 MM, COM CORPO DIVIDIDO","UNID.",3,19.13,22.056889999999999,66.17,19.13]
["2.11.10","SINAPI",1957,"CURVA DE PVC 90 GRAUS, SOLDAVEL, 32 MM, COR MARROM, PARA AGUA FRIA PREDIAL ","UNID.",1,6.7,7.7251000000000003,7.73,6.7]
["2.11.11","SINAPI",3501,"JOELHO, PVC SOLDAVEL, 45 GRAUS, 32 MM, COR MARROM, PARA AGUA FRIA PREDIAL ","UNID.",3,4.3,4.9578999999999995,14.87,4.3]
["2.11.12","SINAPI",3529,"JOELHO PVC, SOLDAVEL, 90 GRAUS, 25 MM, COR MARROM, PARA AGUA FRIA PREDIAL ","UNID.",6,0.75,0.86475000000000002,5.19,0.75]
["2.11.13","SINAPI",3536,"JOELHO PVC, SOLDAVEL, 90 GRAUS, 32 MM, COR MARROM, PARA AGUA FRIA PREDIAL","UNID.",3,2.5099999999999998,2.8940299999999999,8.68,2.5099999999999998]
["2.11.14","SINAPI",3524,"JOELHO PVC, SOLDAVEL, COM BUCHA DE LATAO, 90 GRAUS, 25 MM X 3/4\", PARA AGUA FRIA PREDIAL","UNID.",1,8.36,9.6390799999999999,9.64,8.36]
["2.11.15","SINAPI",3532,"JOELHO PVC, SOLDAVEL, COM BUCHA DE LATAO, 90 GRAUS, 32 MM X 3/4\", PARA AGUA FRIA PREDIAL","UNID.",1,19.329999999999998,22.287489999999998,22.29,19.329999999999998]
["2.11.16","SINAPI",11675,"REGISTRO DE ESFERA, PVC, COM VOLANTE, VS, SOLDAVEL, DN 32 MM, COM CORPO DIVIDIDO","UNID.",1,30.38,35.02814,35.03,30.38]
["2.11.17","SINAPI",7139,"TE SOLDAVEL, PVC, 90 GRAUS, 25 MM, PARA AGUA FRIA PREDIAL (NBR 5648)","UNID.",1,1.25,1.4412500000000001,1.44,1.25]
["2.11.18","SINAPI",34640,"CAIXA D'AGUA / RESERVATORIO EM POLIETILENO, 2000 LITROS, COM TAMPA ","UNID.",1,1204.27,1388.52331,1388.52,1204.27]
["2.11.19","SINAPI",11829,"TORNEIRA DE BOIA CONVENCIONAL PARA CAIXA D'AGUA, AGUA FRIA, 1/2\", COM HASTE E TORNEIRA METALICOS E BALAO PLASTICO","UNID.",1,24.25,27.960250000000002,27.96,24.25]
["2.11.20","SINAPI",7602,"TORNEIRA DE METAL AMARELO, PARA TANQUE / JARDIM, DE PAREDE, COM BICO PLASTICO, CANO CURTO, AREA EXTERNA, PADRAO POPULAR / USO GERAL, 1/2 \" OU 3/4 \" (REF 1128)","UNID.",1,43.49,50.143970000000003,50.14,43.49]
["2.11.21","COPASA",25002356,"CURVA 90° RL PVC ESG.COL.PB JE DN200","UNID.",1,120.65,139.10945000000001,139.11000000000001,120.65]
["2.11.22","SINAPI",3519,"JOELHO PVC, SOLDAVEL, PB, 45 GRAUS, DN 75 MM, PARA ESGOTO PREDIAL ","UNID.",6,8.4,9.6852,58.11,8.4]
["2.11.23","SINAPI",3528,"JOELHO PVC, SOLDAVEL, PB, 45 GRAUS, DN 100 MM, PARA ESGOTO PREDIAL","UNID.",4,9.69,11.17257,44.69,9.69]
["2.11.24","SINAPI",37952,"JOELHO PVC, SOLDAVEL, PB, 45 GRAUS, DN 150 MM, PARA ESGOTO PREDIAL ","UNID.",1,69.459999999999994,80.087379999999996,80.09,69.459999999999994]
["2.11.25","COTAÇÃO",null,"JOELHO PVC, SOLDAVEL, PB, 45 GRAUS, DN 200 MM, PARA ESGOTO PREDIAL ","UNID.",1,84.96,97.958879999999994,97.96,84.96]
["2.11.26","SINAPI",3509,"JOELHO PVC, SOLDAVEL, PB, 90 GRAUS, DN 75 MM, PARA ESGOTO PREDIAL ","UNID.",2,7.37,8.4976099999999999,17,7.37]
["2.11.27","SINAPI",3520,"JOELHO PVC, SOLDAVEL, PB, 90 GRAUS, DN 100 MM, PARA ESGOTO PREDIAL","UNID.",2,8.81,10.15793,20.32,8.81]
["2.11.28","SINAPI",37950,"JOELHO PVC, SOLDAVEL, PB, 90 GRAUS, DN 150 MM, PARA ESGOTO PREDIAL ","UNID.",2,63.94,73.722819999999999,147.44999999999999,63.94]
["2.11.29","COTAÇÃO",null,"JOELHO PVC, SOLDAVEL, PB, 90 GRAUS, DN 200 MM, PARA ESGOTO PREDIAL ","UNID.",2,141.19999999999999,162.80359999999999,325.61,141.19999999999999]
["2.11.30","COTAÇÃO",null,"JUNÇÃO SIMPLES EM PVC PARA ESGOTO SANITÁRIO, LINHA NORMAL DN 150 X 100 MM","UNID.",4,41.48,47.826439999999998,191.31,41.48]
["2.11.31","COTAÇÃO",null,"JUNÇÃO SIMPLES EM PVC PARA ESGOTO SANITÁRIO, LINHA NORMAL DN 200 X 200 MM","UNID.",1,203.12,234.19736,234.2,203.12]
["2.11.32","SINAPI",3898,"LUVA SIMPLES, PVC, SOLDAVEL, DN 75 MM, SERIE NORMAL, PARA ESGOTO PREDIAL ","UNID.",7,7.11,8.1978299999999997,57.38,7.11]
["2.11.33","SINAPI",3899,"LUVA SIMPLES, PVC, SOLDAVEL, DN 100 MM, SERIE NORMAL, PARA ESGOTO PREDIAL ","UNID.",5,6.95,8.0133500000000009,40.07,6.95]
["2.11.34","SINAPI",38676,"LUVA SIMPLES, PVC, SOLDAVEL, DN 150 MM, SERIE NORMAL, PARA ESGOTO PREDIAL ","UNID.",11,34.770000000000003,40.089810000000007,440.99,34.770000000000003]
["2.11.35","COTAÇÃO",null,"LUVA SIMPLES EM PVC PARA ESGOTO SANITÁRIO, LINHA NORMAL DN 200 MM","UNID.",6,37.21,42.903130000000004,257.42,37.21]
["2.11.36","SINAPI",20044,"REDUCAO EXCENTRICA PVC, DN 100 X 75 MM, PARA ESGOTO PREDIAL ","UNID.",1,11.03,12.71759,12.72,11.03]
["2.11.37","SINAPI",20047,"REDUCAO EXCENTRICA PVC, SERIE R, DN 150 X 100 MM, PARA ESGOTO PREDIAL ","UNID.",2,58.57,67.531210000000002,135.06,58.57]
["2.11.38","COPASA",20480202,"REDUCAO EXC.PVC ESG. PRIM.PB JE DN200X150","UNID.",1,40,46.120000000000005,46.12,40]
["2.11.39","COTAÇÃO",null,"TÊ EM PVC PARA ESGOTO SANITÁRIO, LINHA NORMAL DN 150 X 100 MM","UNID.",3,54.16,62.446479999999994,187.34,54.16]
["2.11.40","COTAÇÃO",null,"TÊ EM PVC PARA ESGOTO SANITÁRIO, LINHA NORMAL DN 200 X 200 MM","UNID.",1,169.49,195.42197000000002,195.42,169.49]
["2.11.41","COTAÇÃO",null,"CAIXA DE AREIA COM TAMPA","UNID.",5,248.71,286.76263,1433.81,248.71]
["2.11.42","COTAÇÃO",null,"CAIXA SEPARADORA DE ÁGUA E ÓLEO PARA 3000L/h 100MM","UNID.",1,3097,3570.8409999999999,3570.84,3097]
["2.11.43","COTAÇÃO",null,"PROLONGADOR SEM ENTRADA PARA CAIXA DE AREIA 300MM","UNID.",5,57.05,65.778649999999999,328.89,57.05]
["2.11.44","COTAÇÃO",null,"RALO COLETOR LINEAR CONTÍNUO MODULAR COM GRELHA 15x50cm","UNID.",6,92.8,106.9984,641.99,92.8]
["2.11.45","SINAPI",981,"CABO DE COBRE, FLEXIVEL, CLASSE 4 OU 5, ISOLACAO EM PVC/A, ANTICHAMA BWF-B, CONDUTOR, 450/750 V, SECAO NOMINAL 4 MM2","M",350,3.11,3.5858300000000001,1255.04,3.11]
["2.11.46","SINAPI",980,"CABO DE COBRE, FLEXIVEL, CLASSE 4 OU 5, ISOLACAO EM PVC/A, ANTICHAMA BWF-B, 1 CONDUTOR, 450/750 V, SECAO NOMINAL 10 MM2","M",285,8.5399999999999991,9.8466199999999997,2806.29,8.5399999999999991]
["2.11.47","SINAPI",1014,"CABO DE COBRE, FLEXIVEL, CLASSE 4 OU 5, ISOLACAO EM PVC/A, ANTICHAMA BWF-B, 1 CONDUTOR, 450/750 V, SECAO NOMINAL 2,5 MM2","M",130,1.87,2.15611,280.29000000000002,1.87]
["2.11.48","SINAPI",2673,"ELETRODUTO DE PVC RIGIDO ROSCAVEL DE 1/2 \", SEM LUVA ","M",100,4.3600000000000003,5.0270800000000007,502.71,4.3600000000000003]
["2.11.49","SINAPI",2674,"ELETRODUTO DE PVC RIGIDO ROSCAVEL DE 3/4 \", SEM LUVA ","M",12,5.43,6.2607900000000001,75.13,5.43]
["2.11.50","SINAPI",39246,"ELETRODUTO/DUTO PEAD FLEXIVEL PAREDE SIMPLES, CORRUGACAO HELICOIDAL, COR PRETA, SEM ROSCA, DE 1 1/2\", PARA CABEAMENTO SUBTERRANEO (NBR 15715)","M",12,5.01,5.7765300000000002,69.319999999999993,5.01]
["2.11.51","SINAPI",40400,"ELETRODUTO FLEXIVEL PLANO EM PEAD, COR PRETA E LARANJA, DIAMETRO 25 MM","M",50,1.96,2.2598799999999999,112.99,1.96]
["2.11.52","SINAPI",2688,"ELETRODUTO PVC FLEXIVEL CORRUGADO, COR AMARELA, DE 25 MM","M",40,2.85,3.2860500000000004,131.44,2.85]
["2.11.53","SINAPI",2690,"ELETRODUTO PVC FLEXIVEL CORRUGADO, COR AMARELA, DE 32 MM ","M",3,4.88,5.6266400000000001,16.88,4.88]
["2.11.54","SINAPI",2689,"ELETRODUTO PVC FLEXIVEL CORRUGADO, COR AMARELA, DE 20 MM ","M",6,2.63,3.0323899999999999,18.190000000000001,2.63]
["2.11.55","SINAPI",39128,"ABRACADEIRA EM ACO PARA AMARRACAO DE ELETRODUTOS, TIPO D, COM 3/4\" E CUNHA DE FIXACAO","UNID.",60,1.84,2.1215200000000003,127.29,1.84]
["2.11.56","SINAPI",2556,"CAIXA DE LUZ \"4 X 2\" EM ACO ESMALTADA","UNID.",10,1.53,1.7640900000000002,17.64,1.53]
["2.11.57","SINAPI",10569,"CAIXA DE PASSAGEM / DERIVACAO / LUZ, OCTOGONAL 4 X4, EM ACO ESMALTADA, COM FUNDO MOVEL SIMPLES (FMS)","UNID.",24,3.24,3.7357200000000002,89.66,3.24]
["2.11.58","SINAPI",39811,"CAIXA DE PASSAGEM ELETRICA DE PAREDE, DE EMBUTIR, EM PVC, COM TAMPA APARAFUSADA, DIMENSOES 150 X 150 X *75* MM","UNID.",5,44.16,50.91648,254.58,44.16]
["2.11.59","SINAPI",34616,"DISJUNTOR TIPO DIN/IEC, BIPOLAR DE 6 ATE 32A","UNID.",2,81.88,94.407640000000001,188.82,81.88]
["2.11.60","SINAPI",34653,"DISJUNTOR TIPO DIN/IEC, MONOPOLAR DE 6 ATE 32A","UNID.",3,14.28,16.464839999999999,49.39,14.28]
["2.11.61","SINAPI",34709,"DISJUNTOR TIPO DIN/IEC, TRIPOLAR DE 10 ATE 50A","UNID.",3,100.32,115.66896,347.01,100.32]
["2.11.62","SINAPI",34714,"DISJUNTOR TIPO DIN/IEC, TRIPOLAR 63 A","UNID.",1,119.81,138.14093,138.13999999999999,119.81]
["2.11.63","SINAPI",40547,"PARAFUSO ZINCADO, AUTOBROCANTE, FLANGEADO, 4,2 MM X 19 MM","CENTO",1,37.24,42.937720000000006,42.94,37.24]
["2.11.64","COTAÇÃO",null,"ADAPTADOR EM PVC DE REDUÇÃO PARA CONDULETE DE PVC, 1'' X 1/2''","UNID.",24,5.56,6.4106799999999993,153.86000000000001,5.56]
["2.11.65","COTAÇÃO",null,"ADAPTADOR EM PVC DE REDUÇÃO PARA CONDULETE DE PVC, 1'' X 3/4''","UNID.",5,{"$f":"(J151)","v":5.12},5.9033600000000002,{"$f":"ROUND(F151*H151,2)","v":29.52},5.12]
["2.11.66","COTAÇÃO",null,"CONDULETE EM PVC MÚLTIPLO ANTICHAMAS NA COR CINZA, DE 1'' COM 5 ENTRADAS SEM TAMPA","UNID.",15,{"$f":"(J152)","v":6.14},7.0794199999999998,{"$f":"ROUND(F152*H152,2)","v":106.19},6.14]
["2.11.67","COTAÇÃO",null,"TAMPA CEGA EM PVC PARA CONDULETE DE PVC, 1''","UNID.",15,2.75,{"$f":"(J153*J$6)","v":3.17075},47.56,2.75]
["2.11.68","SINAPI",39272,"CURVA 90 GRAUS, CURTA, DE PVC RIGIDO ROSCAVEL, DE 3/4\", PARA ELETRODUTO","UNID.",6,2.98,3.43594,20.62,2.98]
["2.11.69","SINAPI",1884,"CURVA 90 GRAUS, LONGA, DE PVC RIGIDO ROSCAVEL, DE 1\", PARA ELETRODUTO","UNID.",1,{"$f":"(J155)","v":4.82},5.5574600000000007,{"$f":"ROUND(F155*H155,2)","v":5.56},4.82]
["2.11.70","SINAPI",1892,"LUVA EM PVC RIGIDO ROSCAVEL, DE 1\", PARA ELETRODUTO","UNID.",2,1.92,2.2137600000000002,4.43,1.92]
["2.11.71","SINAPI",1891,"LUVA EM PVC RIGIDO ROSCAVEL, DE 3/4\", PARA ELETRODUTO","UNID.",12,{"$f":"(J157)","v":1.38},1.59114,{"$f":"ROUND(F157*H157,2)","v":19.09},1.38]
["2.11.72","SINAPI",38075,"TOMADA 2P+T 20A 250V, CONJUNTO MONTADO PARA EMBUTIR 4\" X 2\" (PLACA + SUPORTE + MODULO)","UNID.",3,{"$f":"(J158)","v":15.22},17.548660000000002,{"$f":"ROUND(F158*H158,2)","v":52.65},15.22]
["2.11.73","SINAPI",38069,"INTERRUPTOR SIMPLES + INTERRUPTOR PARALELO 10A, 250V, CONJUNTO MONTADO PARA EMBUTIR 4\" X 2\" (PLACA + SUPORTE + MODULOS)","UNID.",1,{"$f":"(J159)","v":14.97},17.26041,{"$f":"ROUND(F159*H159,2)","v":17.260000000000002},14.97]
["2.11.74","SINAPI",38073,"INTERRUPTOR SIMPLES + 2 INTERRUPTORES PARALELOS 10A, 250V, CONJUNTO MONTADO PARA EMBUTIR 4\" X 2\" (PLACA + SUPORTE + MODULOS)","UNID.",1,{"$f":"(J160)","v":22.29},25.700369999999999,{"$f":"ROUND(F160*H160,2)","v":25.7},22.29]
["2.11.75","SINAPI",39391,"LUMINARIA LED REFLETOR RETANGULAR BIVOLT, LUZ BRANCA, 50 W ","UNID.",2,44,50.731999999999999,101.46,44]
["2.11.76","COTAÇÃO",null,"LÂMPADA LED BULBO 100W E40 6500K ALTA POTÊNCIA 7500 LÚMENS","UNID.",12,132.1,152.31129999999999,1827.74,132.1]
["2.11.77","COTAÇÃO",null,"LÂMPADA LED BULBO, 3000K AMARELA, 16W (100-240V), BIVOLT, BASE E27, FLUXO LUMINOSO DE 1521lm","UNID.",1,{"$f":"(J163)","v":18.45},21.272849999999998,{"$f":"ROUND(F163*H163,2)","v":21.27},18.45]
["2.11.78","SINAPI",39805,"QUADRO DE DISTRIBUICAO, EM PVC, DE EMBUTIR, COM BARRAMENTO TERRA / NEUTRO, PARA 12 DISJUNTORES NEMA OU 16 DISJUNTORES DIN","UNID.",2,150.72,173.78016,347.56,150.72]
["TOTAL ",{"$nulls":7},{"$f":"I9","v":903944.92}]

{"sheet":"CPU","index":1,"n_rows":387,"n_cols":9,"rows_kept":387,"cut":false,"hidden":false,"merged":[[9,0,9,5],[11,0,11,7],[17,0,17,6],[18,0,18,7],[40,0,40,6],[41,0,41,6],[42,0,42,6],[45,0,45,5],[47,0,47,7],[29,0,29,7],[30,0,30,6],[31,0,31,5],[33,0,33,7],[38,0,38,6],[39,0,39,2],[39,4,39,6],[58,0,58,5],[59,0,59,5],[60,0,60,7],[65,0,65,6],[66,0,66,7],[70,0,70,6],[51,0,51,6],[52,0,52,2],[52,4,52,6],[53,0,53,6],[54,0,54,6],[56,0,56,7],[78,0,78,5],[79,0,79,7],[83,0,83,6],[84,0,84,2],[84,4,84,6],[85,0,85,6],[71,0,71,2],[71,4,71,6],[72,0,72,6],[73,0,73,6],[75,0,75,7],[77,0,77,5],[98,0,98,6],[99,0,99,7],[103,0,103,6],[104,0,104,2],[104,4,104,6],[105,0,105,6],[86,0,86,6],[87,0,87,6],[88,0,88,7],[90,0,90,5],[91,0,91,5],[92,0,92,7],[117,0,117,7],[121,0,121,6],[122,0,122,7],[125,0,125,6],[126,0,126,7],[130,0,130,6],[106,0,106,6],[108,0,108,7],[110,0,110,5],[111,0,111,5],[112,0,112,7],[116,0,116,6],[138,0,138,5],[139,0,139,7],[143,0,143,6],[144,0,144,7],[147,0,147,6],[148,0,148,7],[131,0,131,2],[131,4,131,6],[132,0,132,6],[133,0,133,6],[135,0,135,7],[137,0,137,5],[159,0,159,5],[160,0,160,5],[161,0,161,7],[164,0,164,6],[165,0,165,7],[168,0,168,6],[152,0,152,6],[153,0,153,2],[153,4,153,6],[154,0,154,6],[155,0,155,6],[157,0,157,7],[176,0,176,5],[177,0,177,7],[181,0,181,6],[182,0,182,7],[185,0,185,6],[186,0,186,7],[169,0,169,2],[169,4,169,6],[170,0,170,6],[171,0,171,6],[173,0,173,7],[175,0,175,5],[201,0,201,6],[203,0,203,7],[205,0,205,5],[206,0,206,5],[207,0,207,7],[212,0,212,6],[192,0,192,6],[193,0,193,7],[198,0,198,6],[199,0,199,2],[199,4,199,6],[200,0,200,6],[221,0,221,7],[222,0,222,6],[223,0,223,5],[224,0,224,5],[225,0,225,7],[231,0,231,6],[213,0,213,7],[216,0,216,6],[217,0,217,2],[217,4,217,6],[218,0,218,6],[219,0,219,6],[240,0,240,6],[241,0,241,7],[243,0,243,5],[244,0,244,5],[245,0,245,7],[248,0,248,6],[232,0,232,7],[236,0,236,6],[237,0,237,2],[237,4,237,6],[238,0,238,6],[239,0,239,6],[258,0,258,7],[260,0,260,5],[261,0,261,5],[262,0,262,7],[266,0,266,6],[267,0,267,7],[249,0,249,7],[253,0,253,6],[254,0,254,2],[254,4,254,6],[255,0,255,6],[256,0,256,6],[277,0,277,5],[278,0,278,5],[279,0,279,7],[283,0,283,6],[284,0,284,2],[284,4,284,6],[270,0,270,6],[271,0,271,2],[271,4,271,6],[272,0,272,6],[273,0,273,6],[275,0,275,7],[296,0,296,6],[297,0,297,7],[300,0,300,6],[301,0,301,7],[305,0,305,6],[306,0,306,2],[306,4,306,6],[285,0,285,6],[286,0,286,6],[288,0,288,7],[290,0,290,5],[291,0,291,5],[292,0,292,7],[318,0,318,6],[319,0,319,7],[322,0,322,6],[323,0,323,7],[327,0,327,6],[328,0,328,2],[328,4,328,6],[307,0,307,6],[308,0,308,6],[310,0,310,7],[312,0,312,5],[313,0,313,5],[314,0,314,7],[347,0,347,7],[354,0,354,6],[355,0,355,7],[329,0,329,6],[330,0,330,6],[332,0,332,7],[334,0,334,5],[335,0,335,5],[336,0,336,7],[1,2,1,7],[2,2,2,7],[0,2,0,7],[378,0,378,7],[382,0,382,6],[383,0,383,2],[383,4,383,6],[384,0,384,6],[385,0,385,6],[367,0,367,5],[368,0,368,5],[369,0,369,7],[373,0,373,6],[374,0,374,7],[377,0,377,6],[360,0,360,6],[361,0,361,2],[361,4,361,6],[362,0,362,6],[363,0,363,6],[365,0,365,7],[339,0,339,6],[340,0,340,7],[346,0,346,6]]}
[null,null,"MINITÉRIO DA INTEGRAÇÃO E DESENVOLVIMENTO REGIONAL"]
[null,null,"COMPANHIA DE DESENVOLVIMENTO DOS VALES DO SÃO FRANCISCO E DO PARNAÍBA"]
[null,null,"1° SUPERINTENDÊNCIA REGIONAL"]
["COMPOSIÇÕES DE PREÇO UNITÁRIO"]
["Local:","Montes Claros - MG",{"$nulls":4},"BDI Serviços:",{"$f":"BDI_SERV!B33","v":0.22900000000000001}]
["Data:","2023-11-22",{"$nulls":4},"BDI Materiais:",{"$f":"BDI_MAT!B32","v":0.153}]
["Bases:","SINAPI - 09/2023 | SICRO - 07/2023 | COPASA - 10/2023 | SETOP - 08/2023"]
[]
[" COMPOSIÇÃO DE PREÇO UNITÁRIO",{"$nulls":6},"CPU001","XX"]
["DESCRIÇÃO DO SERVIÇO",{"$nulls":5},"DATA BASE: ","2023-09-01"]
["ADMINISTRAÇÃO LOCAL ",{"$nulls":5},"UNIDADE: ","GB"]
["MATERIAL"]
["BASE","CÓDIGO","DISCRIMINAÇÃO","UNI","QUANT.",null,"P.UNIT.","P.TOTAL"]
["MERCADO",null,"TELEFONE E INTERNET","mês",6,null,99.9,{"$f":"E14*G14","v":599.40000000000009}]
["MERCADO",null,"MATERIAL PARA ESCRITÓRIO","mês",6,null,150,{"$f":"E15*G15","v":900}]
["MERCADO",null,"MATERIAL DE LIMPEZA","mês",6,null,50,{"$f":"E16*G16","v":300}]
["CPU","CPU003","VEÍCULO LEVE PICAPE 4x4 PARA VISITAS - OPERAÇÃO E MANUTENÇÃO","mês",{"$f":"6/4","v":1.5},null,{"$f":"H56","v":4766.5987999999998},{"$f":"E17*G17","v":7149.8981999999996}]
["SUB-TOTAL",{"$nulls":6},{"$f":"SUM(H14:H17)","v":8949.2981999999993}]
["MÃO DE OBRA"]
["BASE","CÓDIGO","DISCRIMINAÇÃO","UNI","QUANT.",null,"P.UNIT.","P.TOTAL"]
["SINAPI",93565,"ENGENHEIRO CIVIL DE OBRA JUNIOR COM ENCARGOS COMPLEMENTARES","mês",{"$f":"6*0.25","v":1.5},null,20078.54,{"$f":"E21*G21","v":30117.81}]
["SINAPI",40818,"ENCARREGADO GERAL DE OBRAS (MENSALISTA)","mês",6,null,8310.58,{"$f":"E22*G22","v":49863.479999999996}]
["SICRO","P9806",{"$f":"UPPER(\"Auxiliar administrativo\")","v":"AUXILIAR ADMINISTRATIVO"},"mês",{"$f":"6*0.25","v":1.5},null,1751.2329999999999,{"$f":"E23*G23","v":2626.8494999999998}]
["SINAPI",100309,"TÉCNICO EM SEGURANÇA DO TRABALHO COM ENCARGOS COMPLEMENTARES","h",{"$f":"20*6","v":120},null,43.73,{"$f":"E24*G24","v":5247.5999999999995}]
[{"$nulls":6},"SUB-TOTAL",{"$f":"SUM(H21:H24)","v":87855.739499999996}]
[null,null,"PRODUÇÃO DA EQUIPE",1,null,null,"CUSTO ",{"$f":"H25+H18","v":96805.037700000001}]
["TOTAL - R$",{"$nulls":6},{"$f":"H26/D26","v":96805.037700000001}]
["BDI                %",{"$nulls":6},1]
["TOTAL DO SERVIÇO - R$",{"$nulls":6},{"$f":"H27*H28","v":96805.037700000001}]
[]
[" COMPOSIÇÃO DE PREÇO UNITÁRIO",{"$nulls":6},"CPU002","XX"]
["DESCRIÇÃO DO SERVIÇO",{"$nulls":5},"DATA BASE: ","2023-09-01"]
["MOBILIZAÇÃO E DESMOBILIZAÇÃO",{"$nulls":5},"UNIDADE: ","GB"]
["EQUIPAMENTO"]
["BASE","CÓDIGO","DISCRIMINAÇÃO","UNI","QUANT.","P.UN.PROD","P.UN.IMPR","P.TOTAL"]
["SINAPI",5678,"RETROESCAVADEIRA SOBRE RODAS COM CARREGADEIRA, TRAÇÃO 4X4, POTÊNCIA LÍQ. 88 HP, CAÇAMBA CARREG. CAP. MÍN. 1 M3, CAÇAMBA RETRO CAP. 0,26 M3, PESO OPERACIONAL MÍN. 6.674 KG, PROFUNDIDADE ESCAVAÇÃO MÁX. 4,37 M - CHP DIURNO. ","chp",4,160.97,null,{"$f":"E36*F36+E36*G36","v":643.88}]
["SINAPI",89883,"CAMINHÃO BASCULANTE 18 M3, COM CAVALO MECÂNICO DE CAPACIDADE MÁXIMA DE TRAÇÃO COMBINADO DE 45000 KG, POTÊNCIA 330 CV, INCLUSIVE SEMIREBOQUE COM CAÇAMBA METÁLICA - CHP DIURNO. ","chp",4,368.22,null,{"$f":"E37*F37+E37*G37","v":1472.88}]
["SINAPI",5928,"GUINDAUTO HIDRÁULICO, CAPACIDADE MÁXIMA DE CARGA 6200 KG, MOMENTO MÁXIMO DE CARGA 11,7 TM, ALCANCE MÁXIMO HORIZONTAL 9,70 M, INCLUSIVE CAMINHÃO TOCO PBT 16.000 KG, POTÊNCIA DE 189 CV - CHP DIURNO.","chp",4,274.18,null,{"$f":"E38*F38+E38*G38","v":1096.72}]
["SUB-TOTAL",{"$nulls":6},{"$f":"SUM(H36:H38)","v":3213.4800000000005}]
["PRODUÇÃO DA EQUIPE",null,null,1,"CUSTO ",null,null,{"$f":"H39","v":3213.4800000000005}]
["TOTAL - R$",{"$nulls":6},{"$f":"H40/D40","v":3213.4800000000005}]
["BDI                %",{"$nulls":6},1]
["TOTAL DO SERVIÇO - R$",{"$nulls":6},{"$f":"H41*H42","v":3213.4800000000005}]
[]
[" COMPOSIÇÃO DE PREÇO UNITÁRIO",{"$nulls":6},"CPU003","XX"]
["DESCRIÇÃO DO SERVIÇO",{"$nulls":5},"DATA BASE: ","2023-07-01"]
["VEÍCULO LEVE PICAPE 4x4 PARA VISITAS - OPERAÇÃO E MANUTENÇÃO",{"$nulls":5},"UNIDADE: ","MÊS"]
["MÃO DE OBRA"]
["BASE","CÓDIGO","DISCRIMINAÇÃO","UNI","QUANT.",null,"P.UNIT.","P.TOTAL"]
["SICRO","E9684 ","VEÍCULO LEVE PICAPE 4 X 4 COM CAPACIDADE DE 1,10 T - 147 KW","chp",44,null,106.51479999999999,{"$f":"E50*G50","v":4686.6511999999993}]
["SICRO","E9684 ","VEÍCULO LEVE PICAPE 4 X 4 COM CAPACIDADE DE 1,10 T - 147 KW - MANUTENÇÃO","h",4,null,19.986899999999999,{"$f":"E51*G51","v":79.947599999999994}]
["SUB-TOTAL",{"$nulls":6},{"$f":"SUM(H50:H51)","v":4766.5987999999998}]
["PRODUÇÃO DA EQUIPE",null,null,1,"CUSTO ",null,null,{"$f":"H52","v":4766.5987999999998}]
["TOTAL - R$",{"$nulls":6},{"$f":"H53/D53","v":4766.5987999999998}]
["BDI                %",{"$nulls":6},1]
["TOTAL DO SERVIÇO - R$",{"$nulls":6},{"$f":"H54*H55","v":4766.5987999999998}]
[]
[" COMPOSIÇÃO DE PREÇO UNITÁRIO",{"$nulls":6},"CPU004","XX"]
["DESCRIÇÃO DO SERVIÇO",{"$nulls":5},"DATA BASE: ","2023-09-01"]
["LOCAÇÃO DE OBRAS",{"$nulls":5},"UNIDADE: ","M2"]
["MATERIAIS"]
["BASE","CÓDIGO","DISCRIMINAÇÃO","UNI","QUANT.",null,"P.UNIT.","P.TOTAL"]
["SINAPI",5075,"PREGO DE ACO POLIDO COM CABECA 18 X 30 (2 3/4 X 10) ","kg",0.01,null,19.23,{"$f":"E63*G63","v":0.1923}]
["SINAPI",3993,"TABUA APARELHADA *2,5 X 15* CM, EM MACARANDUBA, ANGELIM OU EQUIVALENTE DA REGIAO","m²",0.01,null,179.03,{"$f":"E64*G64","v":1.7903}]
["SINAPI",4491,"PONTALETE *7,5 X 7,5* CM EM PINUS, MISTA OU EQUIVALENTE DA REGIAO - BRUTA ","m",1.2E-2,null,99.19,{"$f":"E65*G65","v":1.19028}]
["SUB-TOTAL",{"$nulls":6},{"$f":"SUM(H63:H65)","v":3.1728800000000001}]
["MÃO DE OBRA"]
["BASE","CÓDIGO","DISCRIMINAÇÃO","UNI","QUANT.",null,"P.UNIT.","P.TOTAL"]
["SINAPI",88316,"SERVENTE COM ENCARGOS COMPLEMENTARES","h",0.1,null,19.760000000000002,{"$f":"E69*G69","v":1.9760000000000002}]
["SINAPI",88309,"PEDREIRO COM ENCARGOS COMPLEMENTARES","h",0.1,null,27.45,{"$f":"E70*G70","v":2.7450000000000001}]
["SUB-TOTAL",{"$nulls":6},{"$f":"SUM(H69:H70)","v":4.7210000000000001}]
["PRODUÇÃO DA EQUIPE",null,null,1,"CUSTO ",null,null,{"$f":"H66+H71","v":7.8938800000000002}]
["TOTAL - R$",{"$nulls":6},{"$f":"H72/D72","v":7.8938800000000002}]
["BDI                %",{"$nulls":6},1]
["TOTAL DO SERVIÇO - R$",{"$nulls":6},{"$f":"H73*H74","v":7.8938800000000002}]
[]
[" COMPOSIÇÃO DE PREÇO UNITÁRIO",{"$nulls":6},"CPU005","XX"]
["DESCRIÇÃO DO SERVIÇO",{"$nulls":5},"DATA BASE: ","2023-09-01"]
["EXECUÇÃO DE INSTALAÇÕES ELÉTRICAS, EXCLUSIVE EQUIPAMENTOS",{"$nulls":5},"UNIDADE: ","GB"]
["MÃO DE OBRA"]
["BASE","CÓDIGO","DISCRIMINAÇÃO","UNI","QUANT.",null,"P.UNIT.","P.TOTAL"]
["SINAPI",88264,"ELETRICISTA COM ENCARGOS COMPLEMENTARES","h",80,null,27.8,{"$f":"E82*G82","v":2224}]
["SINAPI",88247,"AUXILIAR DE ELETRICISTA COM ENCARGOS COMPLEMENTARES ","h",160,null,22.34,{"$f":"E83*G83","v":3574.4}]
["SUB-TOTAL",{"$nulls":6},{"$f":"SUM(H82:H83)","v":5798.4}]
["PRODUÇÃO DA EQUIPE",null,null,1,"CUSTO ",null,null,{"$f":"H84","v":5798.4}]
["TOTAL - R$",{"$nulls":6},{"$f":"H85/D85","v":5798.4}]
["BDI                %",{"$nulls":6},1]
["TOTAL DO SERVIÇO - R$",{"$nulls":6},{"$f":"H86*H87","v":5798.4}]
[]
[" COMPOSIÇÃO DE PREÇO UNITÁRIO",{"$nulls":6},"CPU006","XX"]
["DESCRIÇÃO DO SERVIÇO",{"$nulls":5},"DATA BASE: ","2023-09-01"]
["ANDAIME TIPO FACHADEIRO, INCLUSIVE ESTRADO DE MADEIRA",{"$nulls":5},"UNIDADE: ","M2"]
["MATERIAIS"]
["BASE","CÓDIGO","DISCRIMINAÇÃO","UNI","QUANT.",null,"P.UNIT.","P.TOTAL"]
["COPASA",25005430,"ANDAIME TUBULAR 01 PAINEL 1000X1040MM","un",1,null,67.72,{"$f":"E95*G95","v":67.72}]
["SINAPI",1358,"CHAPA/PAINEL DE MADEIRA COMPENSADA RESINADA (MADEIRITE RESINADO ROSA) PARA FORMA DE CONCRETO, DE 2200 x 1100 MM, E = 17 MM","m²",0.03,null,46.88,{"$f":"E96*G96","v":1.4064000000000001}]
["SINAPI",4513,"CAIBRO 5 X 5 CM EM PINUS, MISTA OU EQUIVALENTE DA REGIAO - BRUTA","m²",0.2,null,6.11,{"$f":"E97*G97","v":1.2220000000000002}]
["SINAPI",5075,"PREGO DE ACO POLIDO COM CABECA 18 X 30 (2 3/4 X 10)","kg",0.01,null,19.23,{"$f":"E98*G98","v":0.1923}]
["SUB-TOTAL",{"$nulls":6},{"$f":"SUM(H95:H98)","v":70.540700000000001}]
["MÃO DE OBRA"]
["BASE","CÓDIGO","DISCRIMINAÇÃO","UNI","QUANT.",null,"P.UNIT.","P.TOTAL"]
["SINAPI",88316,"SERVENTE COM ENCARGOS COMPLEMENTARES","h",1.1000000000000001,null,19.760000000000002,{"$f":"E102*G102","v":21.736000000000004}]
["SINAPI",88309,"PEDREIRO COM ENCARGOS COMPLEMENTARES","h",0.1,null,27.45,{"$f":"E103*G103","v":2.7450000000000001}]
["SUB-TOTAL",{"$nulls":6},{"$f":"SUM(H102:H103)","v":24.481000000000005}]
["PRODUÇÃO DA EQUIPE",null,null,1,"CUSTO ",null,null,{"$f":"H99+H104","v":95.02170000000001}]
["TOTAL - R$",{"$nulls":6},{"$f":"H105/D105","v":95.02170000000001}]
["BDI                %",{"$nulls":6},1]
["TOTAL DO SERVIÇO - R$",{"$nulls":6},{"$f":"H106*H107","v":95.02170000000001}]
[]
[" COMPOSIÇÃO DE PREÇO UNITÁRIO",{"$nulls":6},"CPU007","XX"]
["DESCRIÇÃO DO SERVIÇO",{"$nulls":5},"DATA BASE: ","2023-09-01"]
["LASTRO COM MATERIAL GRANULAR (PEDRA BRITADA N.2), ESPESSURA DE 3 CM PARA PLATAFORMA DO LAVA-JATO",{"$nulls":5},"UNIDADE: ","M3"]
["EQUIPAMENTOS"]
["BASE","CÓDIGO","DISCRIMINAÇÃO","UNI","QUANT.","P.UN.PROD","P.UN.IMPR","P.TOTAL"]
["SINAPI",91277,"PLACA VIBRATÓRIA REVERSÍVEL COM MOTOR 4 TEMPOS A GASOLINA, FORÇA CENTRÍFUGA DE 25 KN (2500 KGF), POTÊNCIA 5,5 CV - CHP DIURNO. ","chp",3.2000000000000001E-2,8.77,null,{"$f":"(E115*G115)+(E115*F115)","v":0.28064}]
["SINAPI",91278,"PLACA VIBRATÓRIA REVERSÍVEL COM MOTOR 4 TEMPOS A GASOLINA, FORÇA CENTRÍFUGA DE 25 KN (2500 KGF), POTÊNCIA 5,5 CV - CHI DIURNO.","chi",0.03,null,0.52,{"$f":"(E116*G116)+(E116*F116)","v":1.5599999999999999E-2}]
["SUB-TOTAL",{"$nulls":6},{"$f":"SUM(H115:H116)","v":0.29624}]
["SERVIÇOS AUXILIARES"]
["BASE","CÓDIGO","DISCRIMINAÇÃO","UNI","QUANT.",null,"P.UNIT.","P.TOTAL"]
["SINAPI",100975,"CARGA, MANOBRA E DESCARGA DE SOLOS E MATERIAIS GRANULARES EM CAMINHÃO BASCULANTE 14 M³ - CARGA COM PÁ CARREGADEIRA (CAÇAMBA DE 1,7 A 2,8 M³/ 128 HP) E DESCARGA LIVRE (UNIDADE: M3).","m³",1.1299999999999999,null,9.25,{"$f":"E120*G120","v":10.452499999999999}]
["SINAPI",93588,"TRANSPORTE COM CAMINHÃO BASCULANTE DE 10 M³, EM VIA URBANA EM LEITO NATURAL","m³xkm",{"$f":"1.13*3","v":3.3899999999999997},null,3.11,{"$f":"E121*G121","v":10.542899999999998}]
["SUB-TOTAL",{"$nulls":6},{"$f":"SUM(H120:H121)","v":20.995399999999997}]
["MATERIAIS"]
["BASE","CÓDIGO","DISCRIMINAÇÃO","UNI","QUANT.",null,"P.UNIT.","P.TOTAL"]
["SINAPI",4718,"PEDRA BRITADA N. 2 (19 A 38 MM) POSTO PEDREIRA/FORNECEDOR, SEM FRETE","m³",1.1299999999999999,null,118.26,{"$f":"E125*G125","v":133.63379999999998}]
["SUB-TOTAL",{"$nulls":6},{"$f":"SUM(H125:H125)","v":133.63379999999998}]
["MÃO DE OBRA"]
["BASE","CÓDIGO","DISCRIMINAÇÃO","UNI","QUANT.",null,"P.UNIT.","P.TOTAL"]
["SINAPI",88316,"SERVENTE COM ENCARGOS COMPLEMENTARES","h",0.34300000000000003,null,19.760000000000002,{"$f":"E129*G129","v":6.777680000000001}]
["SINAPI",88309,"PEDREIRO COM ENCARGOS COMPLEMENTARES","h",1.03,null,27.45,{"$f":"E130*G130","v":28.273499999999999}]
["SUB-TOTAL",{"$nulls":6},{"$f":"SUM(H129:H130)","v":35.051180000000002}]
["PRODUÇÃO DA EQUIPE",null,null,1,"CUSTO ",null,null,{"$f":"H126+H131+H122+H117","v":189.97662}]
["TOTAL - R$",{"$nulls":6},{"$f":"H132/D132","v":189.97662}]
["BDI                %",{"$nulls":6},1]
["TOTAL DO SERVIÇO - R$",{"$nulls":6},{"$f":"H133*H134","v":189.97662}]
[]
[" COMPOSIÇÃO DE PREÇO UNITÁRIO",{"$nulls":6},"CPU008","XX"]
["DESCRIÇÃO DO SERVIÇO",{"$nulls":5},"DATA BASE: ","2023-09-01"]
["FORNECIMENTO E INSTALAÇÃO DE TIRANTE EM AÇO 10mm INCLUSO IÇAMENTO",{"$nulls":5},"UNIDADE: ","KG"]
["EQUIPAMENTOS"]
["BASE","CÓDIGO","DISCRIMINAÇÃO","UNI","QUANT.","P.UN.PROD","P.UN.IMPR","P.TOTAL"]
["SINAPI",93281,"GUINCHO ELÉTRICO DE COLUNA, CAPACIDADE 400 KG, COM MOTO FREIO, MOTOR TRIFÁSICO DE 1,25 CV - CHP DIURNO. ","chp",1.6000000000000001E-3,33.54,null,{"$f":"(E142*G142)+(E142*F142)","v":5.3664000000000003E-2}]
["SINAPI",93282,"GUINCHO ELÉTRICO DE COLUNA, CAPACIDADE 400 KG, COM MOTO FREIO, MOTOR TRIFÁSICO DE 1,25 CV - CHI DIURNO.","chi",2E-3,null,32.58,{"$f":"(E143*G143)+(E143*F143)","v":6.5159999999999996E-2}]
["SUB-TOTAL",{"$nulls":6},{"$f":"SUM(H142:H143)","v":0.118824}]
["MATERIAIS"]
["BASE","CÓDIGO","DISCRIMINAÇÃO","UNI","QUANT.",null,"P.UNIT.","P.TOTAL"]
["SINAPI",34,"ACO CA-50, 10,0 MM, VERGALHAO","kg",1.05,null,7.4,{"$f":"E147*G147","v":7.7700000000000005}]
["SUB-TOTAL",{"$nulls":6},{"$f":"SUM(H147:H147)","v":7.7700000000000005}]
["MÃO DE OBRA"]
["BASE","CÓDIGO","DISCRIMINAÇÃO","UNI","QUANT.",null,"P.UNIT.","P.TOTAL"]
["SINAPI",88278,"MONTADOR DE ESTRUTURA METÁLICA COM ENCARGOS COMPLEMENTARES","h",4.9000000000000002E-2,null,32.14,{"$f":"E151*G151","v":1.5748600000000001}]
["SINAPI",88316,"SERVENTE COM ENCARGOS COMPLEMENTARES ","h",2.4E-2,null,19.760000000000002,{"$f":"E152*G152","v":0.47424000000000005}]
["SUB-TOTAL",{"$nulls":6},{"$f":"SUM(H151:H152)","v":2.0491000000000001}]
["PRODUÇÃO DA EQUIPE",null,null,1,"CUSTO ",null,null,{"$f":"H148+H153+H144","v":9.9379240000000006}]
["TOTAL - R$",{"$nulls":6},{"$f":"H154/D154","v":9.9379240000000006}]
["BDI                %",{"$nulls":6},1]
["TOTAL DO SERVIÇO - R$",{"$nulls":6},{"$f":"H155*H156","v":9.9379240000000006}]
[]
[" COMPOSIÇÃO DE PREÇO UNITÁRIO",{"$nulls":6},"CPU009","XX"]
["DESCRIÇÃO DO SERVIÇO",{"$nulls":5},"DATA BASE: ","2023-09-01"]
["FORNECIMENTO E INSTALAÇÃO DE CHUMBADORES DE AÇO GALVANIZADO PARA FIXAÇÃO DOS PILARES",{"$nulls":5},"UNIDADE: ","UNID."]
["MATERIAIS"]
["BASE","CÓDIGO","DISCRIMINAÇÃO","UNI","QUANT.",null,"P.UNIT.","P.TOTAL"]
["SINAPI",39746,"CHUMBADOR DE ACO GALVANIZADO, 1\" X 600 MM, PARA POSTES DE ACO COM BASE, INCLUSO PORCA E ARRUELA","un",1,null,111.44,{"$f":"E164*G164","v":111.44}]
["SUB-TOTAL",{"$nulls":6},{"$f":"SUM(H164:H164)","v":111.44}]
["MÃO DE OBRA"]
["BASE","CÓDIGO","DISCRIMINAÇÃO","UNI","QUANT.",null,"P.UNIT.","P.TOTAL"]
["SINAPI",88316,"SERVENTE COM ENCARGOS COMPLEMENTARES ","h",0.1,null,19.760000000000002,{"$f":"E168*G168","v":1.9760000000000002}]
["SUB-TOTAL",{"$nulls":6},{"$f":"SUM(H168:H168)","v":1.9760000000000002}]
["PRODUÇÃO DA EQUIPE",null,null,1,"CUSTO ",null,null,{"$f":"H165+H169","v":113.416}]
["TOTAL - R$",{"$nulls":6},{"$f":"H170/D170","v":113.416}]
["BDI                %",{"$nulls":6},1]
["TOTAL DO SERVIÇO - R$",{"$nulls":6},{"$f":"H171*H172","v":113.416}]
[]
[" COMPOSIÇÃO DE PREÇO UNITÁRIO",{"$nulls":6},"CPU010","XX"]
["DESCRIÇÃO DO SERVIÇO",{"$nulls":5},"DATA BASE: ","2023-09-01"]
["ESTACA HÉLICE CONTÍNUA, DIÂMETRO DE 60 CM, INCLUSO CONCRETO FCK=25MPA E ARMADURA (EXCLUSIVE MOBILIZAÇÃO E DESMOBILIZAÇÃO). ",{"$nulls":5},"UNIDADE: ","M"]
["EQUIPAMENTOS"]
["BASE","CÓDIGO","DISCRIMINAÇÃO","UNI","QUANT.","P.UN.PROD","P.UN.IMPR","P.TOTAL"]
["SINAPI",90674,"PERFURATRIZ COM TORRE METÁLICA PARA EXECUÇÃO DE ESTACA HÉLICE CONTÍNUA, PROFUNDIDADE MÁXIMA DE 30 M, DIÂMETRO MÁXIMO DE 800 MM, POTÊNCIA INSTALADA DE 268 HP, MESA ROTATIVA COM TORQUE MÁXIMO DE 170 KNM - CHP DIURNO. ","chp",3.44E-2,706.26,null,{"$f":"(E180*G180)+(E180*F180)","v":24.295344}]
["SINAPI",90675,"PERFURATRIZ COM TORRE METÁLICA PARA EXECUÇÃO DE ESTACA HÉLICE CONTÍNUA, PROFUNDIDADE MÁXIMA DE 30 M, DIÂMETRO MÁXIMO DE 800 MM, POTÊNCIA INSTALADA DE 268 HP, MESA ROTATIVA COM TORQUE MÁXIMO DE 170 KNM - CHI DIURNO.","chi",8.4500000000000006E-2,null,311.57,{"$f":"(E181*G181)+(E181*F181)","v":26.327665}]
["SUB-TOTAL",{"$nulls":6},{"$f":"SUM(H180:H181)","v":50.623008999999996}]
["MATERIAIS"]
["BASE","CÓDIGO","DISCRIMINAÇÃO","UNI","QUANT.",null,"P.UNIT.","P.TOTAL"]
["SINAPI",38408,"CONCRETO USINADO BOMBEAVEL, CLASSE DE RESISTENCIA C25, COM BRITA 0 E 1, SLUMP = 190 +/- 20 MM, EXCLUI SERVICO DE BOMBEAMENTO (NBR 8953)","m³",{"$f":"3.1416*0.6*0.6/4","v":0.282744},null,650.04,{"$f":"E185*G185","v":183.79490976}]
["SUB-TOTAL",{"$nulls":6},{"$f":"SUM(H185:H185)","v":183.79490976}]
["SERVIÇOS AUXILIARES"]
["BASE","CÓDIGO","DISCRIMINAÇÃO","UNI","QUANT.",null,"P.UNIT.","P.TOTAL"]
["SINAPI",95578,"MONTAGEM DE ARMADURA DE ESTACAS, DIÂMETRO = 12,5 MM.","kg",11.545068029999999,null,8.39,{"$f":"E189*G189","v":96.863120771699997}]
["SINAPI",95583,"MONTAGEM DE ARMADURA TRANSVERSAL DE ESTACAS DE SEÇÃO CIRCULAR, DIÂMETRO = 5,0 MM. ","kg",1.119897959,null,15.34,{"$f":"E190*G190","v":17.17923469106}]
["SINAPI",97913,"TRANSPORTE COM CAMINHÃO BASCULANTE DE 6 M³, EM VIA URBANA EM REVESTIMENTO M3XKMPRIMÁRIO (UNIDADE: M3XKM).","m³xkm",0.28000000000000003,null,3.22,{"$f":"E191*G191","v":0.90160000000000018}]
["SINAPI",100973,"CARGA, MANOBRA E DESCARGA DE SOLOS E MATERIAIS GRANULARES EM CAMINHÃO BASCULANTE 6 M³ - CARGA COM PÁ CARREGADEIRA (CAÇAMBA DE 1,7 A 2,8 M³ / 128 HP) E DESCARGA LIVRE (UNIDADE: M3). ","m³",0.4839,null,9.52,{"$f":"E192*G192","v":4.6067279999999995}]
["SUB-TOTAL",{"$nulls":6},{"$f":"SUM(H189:H192)","v":119.55068346276001}]
["MÃO DE OBRA"]
["BASE","CÓDIGO","DISCRIMINAÇÃO","UNI","QUANT.",null,"P.UNIT.","P.TOTAL"]
["SINAPI",90778,"ENGENHEIRO CIVIL DE OBRA PLENO COM ENCARGOS COMPLEMENTARES","h",2.23E-2,null,117.97,{"$f":"E196*G196","v":2.6307309999999999}]
["SINAPI",90776,"ENCARREGADO GERAL COM ENCARGOS COMPLEMENTARES","h",0.11890000000000001,null,50.6,{"$f":"E197*G197","v":6.0163400000000005}]
["SINAPI",88316,"SERVENTE COM ENCARGOS COMPLEMENTARES ","h",0.35659999999999997,null,19.760000000000002,{"$f":"E198*G198","v":7.0464159999999998}]
["SUB-TOTAL",{"$nulls":6},{"$f":"SUM(H196:H198)","v":15.693487000000001}]
["PRODUÇÃO DA EQUIPE",null,null,1,"CUSTO ",null,null,{"$f":"H186+H199+H182+H193","v":369.66208922276002}]
["TOTAL - R$",{"$nulls":6},{"$f":"H200/D200","v":369.66208922276002}]
["BDI                %",{"$nulls":6},1]
["TOTAL DO SERVIÇO - R$",{"$nulls":6},{"$f":"H201*H202","v":369.66208922276002}]
[]
[" COMPOSIÇÃO DE PREÇO UNITÁRIO",{"$nulls":6},"CPU011","XX"]
["DESCRIÇÃO DO SERVIÇO",{"$nulls":5},"DATA BASE: ","2023-09-01"]
["SUPORTE PARA TUBO EM FITA PERFURADA DE AÇO INOXIDÁVEL 19mm, INCLUSO PARAFUSO E BUCHA DE NYLON, CONFORME ESPECIFICAÇÕES DE PROEJTO - FORNECIMENTO E INSTALAÇÃO",{"$nulls":5},"UNIDADE: ","UNID."]
["MATERIAIS"]
["BASE","CÓDIGO","DISCRIMINAÇÃO","UNI","QUANT.",null,"P.UNIT.","P.TOTAL"]
["SINAPI",14153,"FITA METALICA PERFURADA, L = *18* MM, ROLO DE 30 M, CARGA RECOMENDADA = *30* KGF ","un",0.1,null,109.89,{"$f":"E210*G210","v":10.989000000000001}]
["SINAPI",4375,"BUCHA DE NYLON SEM ABA S6 ","un",1,null,0.11,{"$f":"E211*G211","v":0.11}]
["SINAPI",4356,"PARAFUSO DE ACO ZINCADO COM ROSCA SOBERBA, CABECA CHATA E FENDA SIMPLES, DIAMETRO 4,8 MM, COMPRIMENTO 45 MM","un",2,null,0.35,{"$f":"E212*G212","v":0.7}]
["SUB-TOTAL",{"$nulls":6},{"$f":"SUM(H210:H212)","v":11.798999999999999}]
["MÃO DE OBRA"]
["BASE","CÓDIGO","DISCRIMINAÇÃO","UNI","QUANT.",null,"P.UNIT.","P.TOTAL"]
["SINAPI",88316,"SERVENTE COM ENCARGOS COMPLEMENTARES ","h",0.5,null,19.760000000000002,{"$f":"E216*G216","v":9.8800000000000008}]
["SUB-TOTAL",{"$nulls":6},{"$f":"SUM(H216:H216)","v":9.8800000000000008}]
["PRODUÇÃO DA EQUIPE",null,null,1,"CUSTO ",null,null,{"$f":"H213+H217","v":21.679000000000002}]
["TOTAL - R$",{"$nulls":6},{"$f":"H218/D218","v":21.679000000000002}]
["BDI                %",{"$nulls":6},1]
["TOTAL DO SERVIÇO - R$",{"$nulls":6},{"$f":"H219*H220","v":21.679000000000002}]
[]
[" COMPOSIÇÃO DE PREÇO UNITÁRIO",{"$nulls":6},"CPU012","XX"]
["DESCRIÇÃO DO SERVIÇO",{"$nulls":5},"DATA BASE: ","2023-09-01"]
["EXECUÇÃO DE INSTALAÇÕES HIDROSSANITÁRIAS, EXCLUSIVE MATERIAIS",{"$nulls":5},"UNIDADE: ","GB"]
["MATERIAIS"]
["BASE","CÓDIGO","DISCRIMINAÇÃO","UNI","QUANT.",null,"P.UNIT.","P.TOTAL"]
["SINAPI",38383,"LIXA D'AGUA EM FOLHA, GRAO 100","un",10.8306,null,2.27,{"$f":"E228*G228","v":24.585462}]
["SINAPI",20080,"ADESIVO PLASTICO PARA PVC, FRASCO COM 175 GR","un",0.83299999999999996,null,18.829999999999998,{"$f":"E229*G229","v":15.685389999999998}]
["SINAPI",37329,"REJUNTE EPOXI, QUALQUER COR","kg",0.25979999999999998,null,80.38,{"$f":"E230*G230","v":20.882723999999996}]
["SINAPI",20083,"SOLUCAO PREPARADORA / LIMPADORA PARA PVC, FRASCO COM 1000 CM3","un",0.69399999999999995,null,65.38,{"$f":"E231*G231","v":45.373719999999992}]
["SUB-TOTAL",{"$nulls":6},{"$f":"SUM(H228:H231)","v":106.52729599999998}]
["MÃO DE OBRA"]
["BASE","CÓDIGO","DISCRIMINAÇÃO","UNI","QUANT.",null,"P.UNIT.","P.TOTAL"]
["SINAPI",88267,"ENCANADOR OU BOMBEIRO HIDRÁULICO COM ENCARGOS COMPLEMENTARES","h",80,null,26.7,{"$f":"E235*G235","v":2136}]
["SINAPI",88248,"AUXILIAR DE ENCANADOR OU BOMBEIRO HIDRÁULICO COM ENCARGOS COMPLEMENTARES","h",80,null,21.34,{"$f":"E236*G236","v":1707.2}]
["SUB-TOTAL",{"$nulls":6},{"$f":"SUM(H235:H236)","v":3843.2}]
["PRODUÇÃO DA EQUIPE",null,null,1,"CUSTO ",null,null,{"$f":"SUM(H237,H232)","v":3949.727296}]
["TOTAL - R$",{"$nulls":6},{"$f":"H238/D238","v":3949.727296}]
["BDI                %",{"$nulls":6},1]
["TOTAL DO SERVIÇO - R$",{"$nulls":6},{"$f":"H239*H240","v":3949.727296}]
[]
[" COMPOSIÇÃO DE PREÇO UNITÁRIO",{"$nulls":6},"CPU013","XX"]
["DESCRIÇÃO DO SERVIÇO",{"$nulls":5},"DATA BASE: ","2023-09-01"]
["APLICAÇÃO DE SELANTE, MASTIQUE ELÁSTICO, EM JUNTA DE DILATAÇÃO, DIMENSÃO 4X12 MM",{"$nulls":5},"UNIDADE: ","M"]
["MATERIAIS"]
["BASE","CÓDIGO","DISCRIMINAÇÃO","UNI","QUANT.",null,"P.UNIT.","P.TOTAL"]
["SINAPI",142,"SELANTE ELASTICO MONOCOMPONENTE A BASE DE POLIURETANO (PU) PARA JUNTAS DIVERSAS","310ml",0.66666000000000003,null,29.25,{"$f":"E248*G248","v":19.499805000000002}]
["SUB-TOTAL",{"$nulls":6},{"$f":"SUM(H248:H248)","v":19.499805000000002}]
["MÃO DE OBRA"]
["BASE","CÓDIGO","DISCRIMINAÇÃO","UNI","QUANT.",null,"P.UNIT.","P.TOTAL"]
["SINAPI",88316,"SERVENTE COM ENCARGOS COMPLEMENTARES ","h",0.1,null,19.760000000000002,{"$f":"E252*G252","v":1.9760000000000002}]
["SINAPI",88309,"PEDREIRO COM ENCARGOS COMPLEMENTARES","h",0.2,null,27.45,{"$f":"E253*G253","v":5.49}]
["SUB-TOTAL",{"$nulls":6},{"$f":"SUM(H252:H253)","v":7.4660000000000002}]
["PRODUÇÃO DA EQUIPE",null,null,1,"CUSTO ",null,null,{"$f":"H249+H254","v":26.965805000000003}]
["TOTAL - R$",{"$nulls":6},{"$f":"H255/D255","v":26.965805000000003}]
["BDI                %",{"$nulls":6},1]
["TOTAL DO SERVIÇO - R$",{"$nulls":6},{"$f":"H256*H257","v":26.965805000000003}]
[]
[" COMPOSIÇÃO DE PREÇO UNITÁRIO",{"$nulls":6},"CPU014","XX"]
["DESCRIÇÃO DO SERVIÇO",{"$nulls":5},"DATA BASE: ","2023-09-01"]
["DEMOLIÇÃO MECANIZADA DE PISO DE CONCRETO",{"$nulls":5},"UNIDADE: ","M2"]
["EQUIPAMENTOS"]
["BASE","CÓDIGO","DISCRIMINAÇÃO","UNI","QUANT.","P.UN.PROD","P.UN.IMPR","P.TOTAL"]
["SINAPI",90972,"COMPRESSOR DE AR REBOCAVEL, VAZÃO 250 PCM, PRESSAO DE TRABALHO 102 PSI, MOTOR A DIESEL POTÊNCIA 81 CV - CHP DIURNO.","chp",0.1,70.95,8.43,{"$f":"(E265*G265)+(E265*F265)","v":7.9380000000000006}]
["SINAPI",5795,"MARTELETE OU ROMPEDOR PNEUMÁTICO MANUAL, 28 KG, COM SILENCIADOR - CHP DIURNO. ","chp",0.1,32.979999999999997,30.8,{"$f":"(E266*G266)+(E266*F266)","v":6.3780000000000001}]
["SUB-TOTAL",{"$nulls":6},{"$f":"SUM(H265:H266)","v":14.316000000000001}]
["MÃO DE OBRA"]
["BASE","CÓDIGO","DISCRIMINAÇÃO","UNI","QUANT.",null,"P.UNIT.","P.TOTAL"]
["SINAPI",88316,"SERVENTE COM ENCARGOS COMPLEMENTARES ","h",0.1,null,19.760000000000002,{"$f":"E270*G270","v":1.9760000000000002}]
["SUB-TOTAL",{"$nulls":6},{"$f":"SUM(H270:H270)","v":1.9760000000000002}]
["PRODUÇÃO DA EQUIPE",null,null,1,"CUSTO ",null,null,{"$f":"H271+H267","v":16.292000000000002}]
["TOTAL - R$",{"$nulls":6},{"$f":"H272/D272","v":16.292000000000002}]
["BDI                %",{"$nulls":6},1]
["TOTAL DO SERVIÇO - R$",{"$nulls":6},{"$f":"H273*H274","v":16.292000000000002}]
[]
[" COMPOSIÇÃO DE PREÇO UNITÁRIO",{"$nulls":6},"CPU015","XX"]
["DESCRIÇÃO DO SERVIÇO",{"$nulls":5},"DATA BASE: ","2023-09-01"]
["TRANSPORTE DE ENTULHO PARA BOTA FORA EM CAMINHÃO BASCULANTE, INCLUSO CARGA E DESCARGA",{"$nulls":5},"UNIDADE: ","M3"]
["SERVIÇOS AUXILIARES"]
["BASE","CÓDIGO","DISCRIMINAÇÃO","UNI","QUANT.",null,"P.UNIT.","P.TOTAL"]
["SINAPI",100975,"CARGA, MANOBRA E DESCARGA DE SOLOS E MATERIAIS GRANULARES EM CAMINHÃO BASCULANTE 14 M³ - CARGA COM PÁ CARREGADEIRA (CAÇAMBA DE 1,7 A 2,8 M³/ 128 HP) E DESCARGA LIVRE.","m³",1,null,9.25,{"$f":"E282*G282","v":9.25}]
["SINAPI",95426,"TRANSPORTE COM CAMINHÃO BASCULANTE DE 18 M³, EM VIA URBANA EM REVESTIMENTO PRIMÁRIO.","m³xkm",5,null,2.04,{"$f":"E283*G283","v":10.199999999999999}]
["SUB-TOTAL",{"$nulls":6},{"$f":"SUM(H282:H283)","v":19.45}]
["PRODUÇÃO DA EQUIPE",null,null,1,"CUSTO ",null,null,{"$f":"H284","v":19.45}]
["TOTAL - R$",{"$nulls":6},{"$f":"H285/D285","v":19.45}]
["BDI                %",{"$nulls":6},1]
["TOTAL DO SERVIÇO - R$",{"$nulls":6},{"$f":"H286*H287","v":19.45}]
[]
[" COMPOSIÇÃO DE PREÇO UNITÁRIO",{"$nulls":6},"CPU016","XX"]
["DESCRIÇÃO DO SERVIÇO",{"$nulls":5},"DATA BASE: ","2023-09-01"]
["TELHAMENTO COM TELHA TRANSLÚCIDA DE POLICARBONATO, INCLUSO IÇAMENTO.",{"$nulls":5},"UNIDADE: ","M2"]
["EQUIPAMENTOS"]
["BASE","CÓDIGO","DISCRIMINAÇÃO","UNI","QUANT.","P.UN.PROD","P.UN.IMPR","P.TOTAL"]
["SINAPI",93281,"GUINCHO ELÉTRICO DE COLUNA, CAPACIDADE 400 KG, COM MOTO FREIO, MOTOR TRIFÁSICO DE 1,25 CV - CHP DIURNO. ","chp",8.9999999999999998E-4,33.54,null,{"$f":"(E295*G295)+(E295*F295)","v":3.0185999999999998E-2}]
["SINAPI",93282,"GUINCHO ELÉTRICO DE COLUNA, CAPACIDADE 400 KG, COM MOTO FREIO, MOTOR TRIFÁSICO DE 1,25 CV - CHI DIURNO. ","chi",1.2999999999999999E-3,null,32.58,{"$f":"(E296*G296)+(E296*F296)","v":4.2353999999999996E-2}]
["SUB-TOTAL",{"$nulls":6},{"$f":"SUM(H295:H296)","v":7.2539999999999993E-2}]
["MATERIAIS"]
["BASE","CÓDIGO","DISCRIMINAÇÃO","UNI","QUANT.",null,"P.UNIT.","P.TOTAL"]
["COTAÇÃO",null,"TELHA TRANSLÚCIDA EM POLICARBONATO","m²",1.1659999999999999,null,110.02,{"$f":"E300*G300","v":128.28331999999997}]
["SUB-TOTAL",{"$nulls":6},{"$f":"SUM(H300:H300)","v":128.28331999999997}]
["MÃO DE OBRA"]
["BASE","CÓDIGO","DISCRIMINAÇÃO","UNI","QUANT.",null,"P.UNIT.","P.TOTAL"]
["SINAPI",88323,"TELHADISTA COM ENCARGOS COMPLEMENTARES","h",9.0999999999999998E-2,null,26.79,{"$f":"E304*G304","v":2.4378899999999999}]
["SINAPI",88316,"SERVENTE COM ENCARGOS COMPLEMENTARES ","h",9.7000000000000003E-2,null,19.760000000000002,{"$f":"E305*G305","v":1.9167200000000002}]
["SUB-TOTAL",{"$nulls":6},{"$f":"SUM(H304:H305)","v":4.3546100000000001}]
["PRODUÇÃO DA EQUIPE",null,null,1,"CUSTO ",null,null,{"$f":"H301+H306+H297","v":132.71046999999999}]
["TOTAL - R$",{"$nulls":6},{"$f":"H307/D307","v":132.71046999999999}]
["BDI                %",{"$nulls":6},1]
["TOTAL DO SERVIÇO - R$",{"$nulls":6},{"$f":"H308*H309","v":132.71046999999999}]
[]
[" COMPOSIÇÃO DE PREÇO UNITÁRIO",{"$nulls":6},"CPU017","XX"]
["DESCRIÇÃO DO SERVIÇO",{"$nulls":5},"DATA BASE: ","2023-09-01"]
["FECHAMENTO DE VÃO DE FACHADA EM TELHA METÁLICA TRAPEZOIDAL, INCLUSO IÇAMENTO.",{"$nulls":5},"UNIDADE: ","M2"]
["EQUIPAMENTOS"]
["BASE","CÓDIGO","DISCRIMINAÇÃO","UNI","QUANT.","P.UN.PROD","P.UN.IMPR","P.TOTAL"]
["SINAPI",93281,"GUINCHO ELÉTRICO DE COLUNA, CAPACIDADE 400 KG, COM MOTO FREIO, MOTOR TRIFÁSICO DE 1,25 CV - CHP DIURNO. ","chp",8.9999999999999998E-4,33.54,null,{"$f":"(E317*G317)+(E317*F317)","v":3.0185999999999998E-2}]
["SINAPI",93282,"GUINCHO ELÉTRICO DE COLUNA, CAPACIDADE 400 KG, COM MOTO FREIO, MOTOR TRIFÁSICO DE 1,25 CV - CHI DIURNO. ","chi",1.2999999999999999E-3,null,32.58,{"$f":"(E318*G318)+(E318*F318)","v":4.2353999999999996E-2}]
["SUB-TOTAL",{"$nulls":6},{"$f":"SUM(H317:H318)","v":7.2539999999999993E-2}]
["MATERIAIS"]
["BASE","CÓDIGO","DISCRIMINAÇÃO","UNI","QUANT.",null,"P.UNIT.","P.TOTAL"]
["SINAPI",7243,"TELHA TRAPEZOIDAL EM ACO ZINCADO, SEM PINTURA, ALTURA DE APROXIMADAMENTE 40 MM, ESPESSURA DE 0,50 MM E LARGURA UTIL DE 980 MM","m²",1.1659999999999999,null,39.89,{"$f":"E322*G322","v":46.511739999999996}]
["SUB-TOTAL",{"$nulls":6},{"$f":"SUM(H322:H322)","v":46.511739999999996}]
["MÃO DE OBRA"]
["BASE","CÓDIGO","DISCRIMINAÇÃO","UNI","QUANT.",null,"P.UNIT.","P.TOTAL"]
["SINAPI",88309,"PEDREIRO COM ENCARGOS COMPLEMENTARES","h",9.0999999999999998E-2,null,27.45,{"$f":"E326*G326","v":2.4979499999999999}]
["SINAPI",88316,"SERVENTE COM ENCARGOS COMPLEMENTARES ","h",9.7000000000000003E-2,null,19.760000000000002,{"$f":"E327*G327","v":1.9167200000000002}]
["SUB-TOTAL",{"$nulls":6},{"$f":"SUM(H326:H327)","v":4.4146700000000001}]
["PRODUÇÃO DA EQUIPE",null,null,1,"CUSTO ",null,null,{"$f":"H323+H328+H319","v":50.998949999999994}]
["TOTAL - R$",{"$nulls":6},{"$f":"H329/D329","v":50.998949999999994}]
["BDI                %",{"$nulls":6},1]
["TOTAL DO SERVIÇO - R$",{"$nulls":6},{"$f":"H330*H331","v":50.998949999999994}]
[]
[" COMPOSIÇÃO DE PREÇO UNITÁRIO",{"$nulls":6},"CPU018","XX"]
["DESCRIÇÃO DO SERVIÇO",{"$nulls":5},"DATA BASE: ","2023-09-01"]
["EXECUÇÃO DE PISO INDUSTRIAL DE CONCRETO ARMADO, FCK = 20 MPA, ESPESSURA DE 12,0 CM. ",{"$nulls":5},"UNIDADE: ","M2"]
["EQUIPAMENTOS"]
["BASE","CÓDIGO","DISCRIMINAÇÃO","UNI","QUANT.","P.UN.PROD","P.UN.IMPR","P.TOTAL"]
["SINAPI",95282,"DESEMPENADEIRA DE CONCRETO, PESO DE 78 KG, 4 PÁS, MOTOR A GASOLINA, POTÊNCIA 5,5 HP - CHP DIURNO. ","chp",4.2950000000000002E-3,9.2100000000000009,null,{"$f":"(E339*G339)+(E339*F339)","v":3.9556950000000007E-2}]
["SUB-TOTAL",{"$nulls":6},{"$f":"SUM(H339:H339)","v":3.9556950000000007E-2}]
["SERVIÇOS AUXILIARES"]
["BASE","CÓDIGO","DISCRIMINAÇÃO","UNI","QUANT.",null,"P.UNIT.","P.TOTAL"]
["SINAPI",97090,"ARMAÇÃO PARA EXECUÇÃO DE RADIER, PISO DE CONCRETO OU LAJE SOBRE SOLO, COM USO DE TELA Q-138. A","kg",2.45784,null,15.61,{"$f":"E343*G343","v":38.366882400000001}]
["SINAPI",97113,"APLICAÇÃO DE LONA PLÁSTICA PARA EXECUÇÃO DE PAVIMENTOS DE CONCRETO.","m²",1,null,2.66,{"$f":"E344*G344","v":2.66}]
["SINAPI",97115,"APLICAÇÃO DE GRAXA EM BARRAS DE TRANSFERÊNCIA PARA EXECUÇÃO DE PAVIMENTO DE CONCRETO. ","kg",2.3373000000000001E-2,null,57.67,{"$f":"E345*G345","v":1.34792091}]
["SINAPI",97116,"BARRAS DE TRANSFERÊNCIA, AÇO CA-25 DE 16,0 MM, PARA EXECUÇÃO DE PAVIMENTO DE CONCRETO FORNECIMENTO E INSTALAÇÃO. ","kg",0.67538399999999998,null,22.21,{"$f":"E346*G346","v":15.000278639999999}]
["SUB-TOTAL",{"$nulls":6},{"$f":"SUM(H343:H346)","v":57.375081950000002}]
["MATERIAIS"]
["BASE","CÓDIGO","DISCRIMINAÇÃO","UNI","QUANT.",null,"P.UNIT.","P.TOTAL"]
["SINAPI",4517,"SARRAFO *2,5 X 7,5* CM EM PINUS, MISTA OU EQUIVALENTE DA REGIAO - BRUTA ","m",5.1332999999999997E-2,null,3.04,{"$f":"E350*G350","v":0.15605231999999999}]
["SINAPI",5069,"PREGO DE ACO POLIDO COM CABECA 17 X 27 (2 1/2 X 11) ","kg",1.7700000000000001E-3,null,19.59,{"$f":"E351*G351","v":3.4674299999999998E-2}]
["SINAPI",1524,"CONCRETO USINADO BOMBEAVEL, CLASSE DE RESISTENCIA C20, COM BRITA 0 E 1, SLUMP = 100 +/- 20 MM, COM SERVICO DE BOMBEAMENTO (NBR 8953)","m³",0.12715699999999999,null,593.77,{"$f":"E352*G352","v":75.502011889999991}]
["SINAPI",42409,"AGENTE DE CURA, PROTETOR DA EVAPORACAO DA AGUA DE HIDRATACAO DO CONCRETO","kg",0.4,null,9.94,{"$f":"E353*G353","v":3.976}]
["SINAPI",43614,"TABUA NAO APARELHADA *2,5 X 15* CM, EM MACARANDUBA/ MASSARANDUBA, ANGELIM OU EQUIVALENTE DA REGIAO - BRUTA","m",6.4167000000000002E-2,null,22.75,{"$f":"E354*G354","v":1.4597992500000001}]
["SUB-TOTAL",{"$nulls":6},{"$f":"SUM(H350:H354)","v":81.12853776}]
["MÃO DE OBRA"]
["BASE","CÓDIGO","DISCRIMINAÇÃO","UNI","QUANT.",null,"P.UNIT.","P.TOTAL"]
["SINAPI",88316,"SERVENTE COM ENCARGOS COMPLEMENTARES","h",9.5146999999999995E-2,null,19.760000000000002,{"$f":"E358*G358","v":1.8801047200000001}]
["SINAPI",88262,"CARPINTEIRO DE FORMAS COM ENCARGOS COMPLEMENTARES","h",3.2006E-2,null,27.05,{"$f":"E359*G359","v":0.86576229999999998}]
["SINAPI",88309,"PEDREIRO COM ENCARGOS COMPLEMENTARES","h",6.5198999999999993E-2,null,27.45,{"$f":"E360*G360","v":1.7897125499999997}]
["SUB-TOTAL",{"$nulls":6},{"$f":"SUM(H358:H360)","v":4.5355795699999994}]
["PRODUÇÃO DA EQUIPE",null,null,1,"CUSTO ",null,null,{"$f":"H355+H361+H347+H340","v":143.07875622999998}]
["TOTAL - R$",{"$nulls":6},{"$f":"H362/D362","v":143.07875622999998}]
["BDI                %",{"$nulls":6},1]
["TOTAL DO SERVIÇO - R$",{"$nulls":6},{"$f":"H363*H364","v":143.07875622999998}]
[]
[" COMPOSIÇÃO DE PREÇO UNITÁRIO",{"$nulls":6},"CPU019","XX"]
["DESCRIÇÃO DO SERVIÇO",{"$nulls":5},"DATA BASE: ","2023-09-01"]
["FECHAMENTO DE VÃOS LATERAIS COM VENEZIANA EM CHAPA DE AÇO GALVALUME PRÉ-PINTADA, INCLUSO IÇAMENTO.",{"$nulls":5},"UNIDADE: ","M2"]
["EQUIPAMENTOS"]
["BASE","CÓDIGO","DISCRIMINAÇÃO","UNI","QUANT.","P.UN.PROD","P.UN.IMPR","P.TOTAL"]
["SINAPI",93281,"GUINCHO ELÉTRICO DE COLUNA, CAPACIDADE 400 KG, COM MOTO FREIO, MOTOR TRIFÁSICO DE 1,25 CV - CHP DIURNO. ","chp",8.9999999999999998E-4,33.54,null,{"$f":"(E372*G372)+(E372*F372)","v":3.0185999999999998E-2}]
["SINAPI",93282,"GUINCHO ELÉTRICO DE COLUNA, CAPACIDADE 400 KG, COM MOTO FREIO, MOTOR TRIFÁSICO DE 1,25 CV - CHI DIURNO. ","chi",1.2999999999999999E-3,null,32.58,{"$f":"(E373*G373)+(E373*F373)","v":4.2353999999999996E-2}]
["SUB-TOTAL",{"$nulls":6},{"$f":"SUM(H372:H373)","v":7.2539999999999993E-2}]
["MATERIAIS"]
["BASE","CÓDIGO","DISCRIMINAÇÃO","UNI","QUANT.",null,"P.UNIT.","P.TOTAL"]
["COTAÇÃO",null,"VENEZIANA EM CHAPA DE AÇO GALVALUME PRÉ-PINTADA DIMENSÕES 4,60 x 0,2M","m²",1,null,302.89,{"$f":"E377*G377","v":302.89}]
["SUB-TOTAL",{"$nulls":6},{"$f":"SUM(H377:H377)","v":302.89}]
["MÃO DE OBRA"]
["BASE","CÓDIGO","DISCRIMINAÇÃO","UNI","QUANT.",null,"P.UNIT.","P.TOTAL"]
["SINAPI",88309,"PEDREIRO COM ENCARGOS COMPLEMENTARES","h",9.0999999999999998E-2,null,27.45,{"$f":"E381*G381","v":2.4979499999999999}]
["SINAPI",88316,"SERVENTE COM ENCARGOS COMPLEMENTARES ","h",9.7000000000000003E-2,null,19.760000000000002,{"$f":"E382*G382","v":1.9167200000000002}]
["SUB-TOTAL",{"$nulls":6},{"$f":"SUM(H381:H382)","v":4.4146700000000001}]
["PRODUÇÃO DA EQUIPE",null,null,1,"CUSTO ",null,null,{"$f":"H378+H383+H374","v":307.37720999999999}]
["TOTAL - R$",{"$nulls":6},{"$f":"H384/D384","v":307.37720999999999}]
["BDI                %",{"$nulls":6},1]
["TOTAL DO SERVIÇO - R$",{"$nulls":6},{"$f":"H385*H386","v":307.37720999999999}]

{"sheet":"BDI_SERV","index":2,"n_rows":38,"n_cols":24,"rows_kept":38,"cut":false,"hidden":false,"merged":[[28,1,28,2],[30,0,30,3],[33,0,33,1],[9,0,9,6],[10,0,10,6],[11,0,12,0],[11,1,12,2],[11,3,12,3],[12,4,12,6],[22,1,22,2],[23,1,23,2],[24,1,24,2],[25,1,25,2],[26,1,26,2],[27,1,27,2],[8,0,8,6],[31,14,32,14],[31,15,31,17],[13,1,13,2],[14,1,14,2],[15,1,15,2],[15,4,15,6],[16,1,16,2],[17,1,17,2],[17,4,17,6],[18,1,18,2],[18,4,18,6],[19,1,19,2],[20,1,20,2],[20,4,20,6],[21,1,21,2],[23,21,23,23],[31,18,31,20],[12,14,12,17],[23,14,24,14],[23,15,23,17],[23,18,23,20]]}
[{"$f":"#REF!","v":{"$error":"#REF!"}}]
[{"$f":"#REF!","v":{"$error":"#REF!"}}]
[{"$f":"#REF!","v":{"$error":"#REF!"}}]
["DETALHAMENTO DO BDI - SERVIÇOS"]
["Local:",{"$f":"#REF!","v":{"$error":"#REF!"}},null,null,null,"BDI Serviços:",{"$f":"B33","v":0.22900000000000001}]
["Data:",{"$f":"#REF!","v":{"$error":"#REF!"}},null,null,null,"BDI Materiais:",{"$f":"BDI_MAT!B32","v":0.153}]
["Bases:",{"$f":"#REF!","v":{"$error":"#REF!"}},null,null,null,"Revisão:",{"$f":"#REF!","v":{"$error":"#REF!"}}]
[]
["TIPO DE OBRA:"]
["CONSTRUÇÕES DE EDÍFICIOS"]
[]
["ITEM","DESCRIÇÃO DOS SERVIÇOS",null,"%"]
[{"$nulls":8},"DESCRIÇÃO DO SERVIÇOS","1° QUARTIL","MÉDIO","3° QUARTIL",null,null,"VALORES DO BDI POR TIPO DE OBRA"]
[{"$nulls":8},"ADMINISTRAÇÃO CENTRAL",{"$f":"IF($A$10=\"CONSTRUÇÕES DE EDÍFICIOS\",INDEX($P$25:$P$29,MATCH($A$10,$O$25:$O$29,0)),IF($A$10=\"CONSTRUÇÃO DE RODOVIAS E FERROVIAS\",INDEX($P$25:$P$29,MATCH($A$10,$O$25:$O$29,0)),IF($A$10=\"CONSTRUÇÃO DE REDES DE ABASTECIMENTO DE ÁGUA, COLETA DE ESGOTO E CONSTRUÇÕES CORRELATAS\",INDEX($P$25:$P$29,MATCH($A$10,$O$25:$O$29,0)),IF($A$10=\"CONSTRUÇÃO E MANUTENÇÃO DE ESTAÇÕES\nE REDES DE DISTRIBUIÇÃO DE ENERGIA\nELÉTRICA\",INDEX($P$25:$P$29,MATCH($A$10,$O$25:$O$29,0)),INDEX($P$25:$P$29,MATCH($A$10,$O$25:$O$29,0))))))","v":0.03},{"$f":"IF($A$10=\"CONSTRUÇÕES DE EDÍFICIOS\",INDEX($Q$25:$Q$29,MATCH($A$10,$O$25:$O$29,0)),IF($A$10=\"CONSTRUÇÃO DE RODOVIAS E FERROVIAS\",INDEX($Q$25:$Q$29,MATCH($A$10,$O$25:$O$29,0)),IF($A$10=\"CONSTRUÇÃO DE REDES DE ABASTECIMENTO DE ÁGUA, COLETA DE ESGOTO E CONSTRUÇÕES CORRELATAS\",INDEX($Q$25:$Q$29,MATCH($A$10,$O$25:$O$29,0)),IF($A$10=\"CONSTRUÇÃO E MANUTENÇÃO DE ESTAÇÕES\nE REDES DE DISTRIBUIÇÃO DE ENERGIA\nELÉTRICA\",INDEX($Q$25:$Q$29,MATCH($A$10,$O$25:$O$29,0)),INDEX($Q$25:$Q$29,MATCH($A$10,$O$25:$O$29,0))))))","v":0.04},{"$f":"IF($A$10=\"CONSTRUÇÕES DE EDÍFICIOS\",INDEX($R$25:$R$29,MATCH($A$10,$O$25:$O$29,0)),IF($A$10=\"CONSTRUÇÃO DE RODOVIAS E FERROVIAS\",INDEX($R$25:$R$29,MATCH($A$10,$O$25:$O$29,0)),IF($A$10=\"CONSTRUÇÃO DE REDES DE ABASTECIMENTO DE ÁGUA, COLETA DE ESGOTO E CONSTRUÇÕES CORRELATAS\",INDEX($R$25:$R$29,MATCH($A$10,$O$25:$O$29,0)),IF($A$10=\"CONSTRUÇÃO E MANUTENÇÃO DE ESTAÇÕES\nE REDES DE DISTRIBUIÇÃO DE ENERGIA\nELÉTRICA\",INDEX($R$25:$R$29,MATCH($A$10,$O$25:$O$29,0)),INDEX($R$25:$R$29,MATCH($A$10,$O$25:$O$29,0))))))","v":5.5E-2},null,null,"TIPOS DE OBRA","1° QUARTIL","MÉDIO","3° QUARTIL"]
[1,"ADMINISTRAÇÃO CENTRAL",null,0.04,"a =","Administração Central",null,null,"SEGUROS E GARANTIAS",{"$f":"IF($A$10=\"CONSTRUÇÕES DE EDÍFICIOS\",INDEX($S$25:$S$29,MATCH($A$10,$O$25:$O$29,0)),IF($A$10=\"CONSTRUÇÃO DE RODOVIAS E FERROVIAS\",INDEX($S$25:$S$29,MATCH($A$10,$O$25:$O$29,0)),IF($A$10=\"CONSTRUÇÃO DE REDES DE ABASTECIMENTO DE ÁGUA, COLETA DE ESGOTO E CONSTRUÇÕES CORRELATAS\",INDEX($S$25:$S$29,MATCH($A$10,$O$25:$O$29,0)),IF($A$10=\"CONSTRUÇÃO E MANUTENÇÃO DE ESTAÇÕES\nE REDES DE DISTRIBUIÇÃO DE ENERGIA\nELÉTRICA\",INDEX($S$25:$S$29,MATCH($A$10,$O$25:$O$29,0)),INDEX($S$25:$S$29,MATCH($A$10,$O$25:$O$29,0))))))","v":8.0000000000000002E-3},{"$f":"IF($A$10=\"CONSTRUÇÕES DE EDÍFICIOS\",INDEX($T$25:$T$29,MATCH($A$10,$O$25:$O$29,0)),IF($A$10=\"CONSTRUÇÃO DE RODOVIAS E FERROVIAS\",INDEX($T$25:$T$29,MATCH($A$10,$O$25:$O$29,0)),IF($A$10=\"CONSTRUÇÃO DE REDES DE ABASTECIMENTO DE ÁGUA, COLETA DE ESGOTO E CONSTRUÇÕES CORRELATAS\",INDEX($T$25:$T$29,MATCH($A$10,$O$25:$O$29,0)),IF($A$10=\"CONSTRUÇÃO E MANUTENÇÃO DE ESTAÇÕES\nE REDES DE DISTRIBUIÇÃO DE ENERGIA\nELÉTRICA\",INDEX($T$25:$T$29,MATCH($A$10,$O$25:$O$29,0)),INDEX($T$25:$T$29,MATCH($A$10,$O$25:$O$29,0))))))","v":8.0000000000000002E-3},{"$f":"IF($A$10=\"CONSTRUÇÕES DE EDÍFICIOS\",INDEX($U$25:$U$29,MATCH($A$10,$O$25:$O$29,0)),IF($A$10=\"CONSTRUÇÃO DE RODOVIAS E FERROVIAS\",INDEX($U$25:$U$29,MATCH($A$10,$O$25:$O$29,0)),IF($A$10=\"CONSTRUÇÃO DE REDES DE ABASTECIMENTO DE ÁGUA, COLETA DE ESGOTO E CONSTRUÇÕES CORRELATAS\",INDEX($U$25:$U$29,MATCH($A$10,$O$25:$O$29,0)),IF($A$10=\"CONSTRUÇÃO E MANUTENÇÃO DE ESTAÇÕES\nE REDES DE DISTRIBUIÇÃO DE ENERGIA\nELÉTRICA\",INDEX($U$25:$U$29,MATCH($A$10,$O$25:$O$29,0)),INDEX($U$25:$U$29,MATCH($A$10,$O$25:$O$29,0))))))","v":0.01},null,null,"CONSTRUÇÕES DE EDÍFICIOS",0.2034,0.22120000000000001,0.25]
[" "," ",null," ",{"$nulls":4},"RISCOS",{"$f":"IF($A$10=\"CONSTRUÇÕES DE EDÍFICIOS\",INDEX($V$25:$V$29,MATCH($A$10,$O$25:$O$29,0)),IF($A$10=\"CONSTRUÇÃO DE RODOVIAS E FERROVIAS\",INDEX($V$25:$V$29,MATCH($A$10,$O$25:$O$29,0)),IF($A$10=\"CONSTRUÇÃO DE REDES DE ABASTECIMENTO DE ÁGUA, COLETA DE ESGOTO E CONSTRUÇÕES CORRELATAS\",INDEX($V$25:$V$29,MATCH($A$10,$O$25:$O$29,0)),IF($A$10=\"CONSTRUÇÃO E MANUTENÇÃO DE ESTAÇÕES\nE REDES DE DISTRIBUIÇÃO DE ENERGIA\nELÉTRICA\",INDEX($V$25:$V$29,MATCH($A$10,$O$25:$O$29,0)),INDEX($V$25:$V$29,MATCH($A$10,$O$25:$O$29,0))))))","v":9.7000000000000003E-3},{"$f":"IF($A$10=\"CONSTRUÇÕES DE EDÍFICIOS\",INDEX($W$25:$W$29,MATCH($A$10,$O$25:$O$29,0)),IF($A$10=\"CONSTRUÇÃO DE RODOVIAS E FERROVIAS\",INDEX($W$25:$W$29,MATCH($A$10,$O$25:$O$29,0)),IF($A$10=\"CONSTRUÇÃO DE REDES DE ABASTECIMENTO DE ÁGUA, COLETA DE ESGOTO E CONSTRUÇÕES CORRELATAS\",INDEX($W$25:$W$29,MATCH($A$10,$O$25:$O$29,0)),IF($A$10=\"CONSTRUÇÃO E MANUTENÇÃO DE ESTAÇÕES\nE REDES DE DISTRIBUIÇÃO DE ENERGIA\nELÉTRICA\",INDEX($W$25:$W$29,MATCH($A$10,$O$25:$O$29,0)),INDEX($W$25:$W$29,MATCH($A$10,$O$25:$O$29,0))))))","v":1.2699999999999999E-2},{"$f":"IF($A$10=\"CONSTRUÇÕES DE EDÍFICIOS\",INDEX($X$25:$X$29,MATCH($A$10,$O$25:$O$29,0)),IF($A$10=\"CONSTRUÇÃO DE RODOVIAS E FERROVIAS\",INDEX($X$25:$X$29,MATCH($A$10,$O$25:$O$29,0)),IF($A$10=\"CONSTRUÇÃO DE REDES DE ABASTECIMENTO DE ÁGUA, COLETA DE ESGOTO E CONSTRUÇÕES CORRELATAS\",INDEX($X$25:$X$29,MATCH($A$10,$O$25:$O$29,0)),IF($A$10=\"CONSTRUÇÃO E MANUTENÇÃO DE ESTAÇÕES\nE REDES DE DISTRIBUIÇÃO DE ENERGIA\nELÉTRICA\",INDEX($X$25:$X$29,MATCH($A$10,$O$25:$O$29,0)),INDEX($X$25:$X$29,MATCH($A$10,$O$25:$O$29,0))))))","v":1.2699999999999999E-2},null,null,"CONSTRUÇÃO DE RODOVIAS E FERROVIAS",0.19600000000000001,0.2097,0.24229999999999999]
[2,"IMPOSTOS E TAXAS",null,{"$f":"SUM(D18:D20)","v":6.1499999999999999E-2},"i =","Impostos",null,null,"DESPESAS FINANCEIRAS",{"$f":"IF($A$10=\"CONSTRUÇÕES DE EDÍFICIOS\",INDEX($P$33:$P$36,MATCH($A$10,$O$25:$O$29,0)),IF($A$10=\"CONSTRUÇÃO DE RODOVIAS E FERROVIAS\",INDEX($P$33:$P$36,MATCH($A$10,$O$25:$O$29,0)),IF($A$10=\"CONSTRUÇÃO DE REDES DE ABASTECIMENTO DE ÁGUA, COLETA DE ESGOTO E CONSTRUÇÕES CORRELATAS\",INDEX($P$33:$P$36,MATCH($A$10,$O$25:$O$29,0)),IF($A$10=\"CONSTRUÇÃO E MANUTENÇÃO DE ESTAÇÕES\nE REDES DE DISTRIBUIÇÃO DE ENERGIA\nELÉTRICA\",INDEX($P$33:$P$36,MATCH($A$10,$O$25:$O$29,0)),INDEX($P$33:$P$36,MATCH($A$10,$O$25:$O$29,0))))))","v":5.8999999999999999E-3},{"$f":"IF($A$10=\"CONSTRUÇÕES DE EDÍFICIOS\",INDEX($Q$33:$Q$36,MATCH($A$10,$O$25:$O$29,0)),IF($A$10=\"CONSTRUÇÃO DE RODOVIAS E FERROVIAS\",INDEX($Q$33:$Q$36,MATCH($A$10,$O$25:$O$29,0)),IF($A$10=\"CONSTRUÇÃO DE REDES DE ABASTECIMENTO DE ÁGUA, COLETA DE ESGOTO E CONSTRUÇÕES CORRELATAS\",INDEX($Q$33:$Q$36,MATCH($A$10,$O$25:$O$29,0)),IF($A$10=\"CONSTRUÇÃO E MANUTENÇÃO DE ESTAÇÕES\nE REDES DE DISTRIBUIÇÃO DE ENERGIA\nELÉTRICA\",INDEX($Q$33:$Q$36,MATCH($A$10,$O$25:$O$29,0)),INDEX($Q$33:$Q$36,MATCH($A$10,$O$25:$O$29,0))))))","v":1.23E-2},{"$f":"IF($A$10=\"CONSTRUÇÕES DE EDÍFICIOS\",INDEX($R$33:$R$36,MATCH($A$10,$O$25:$O$29,0)),IF($A$10=\"CONSTRUÇÃO DE RODOVIAS E FERROVIAS\",INDEX($R$33:$R$36,MATCH($A$10,$O$25:$O$29,0)),IF($A$10=\"CONSTRUÇÃO DE REDES DE ABASTECIMENTO DE ÁGUA, COLETA DE ESGOTO E CONSTRUÇÕES CORRELATAS\",INDEX($R$33:$R$36,MATCH($A$10,$O$25:$O$29,0)),IF($A$10=\"CONSTRUÇÃO E MANUTENÇÃO DE ESTAÇÕES\nE REDES DE DISTRIBUIÇÃO DE ENERGIA\nELÉTRICA\",INDEX($R$33:$R$36,MATCH($A$10,$O$25:$O$29,0)),INDEX($R$33:$R$36,MATCH($A$10,$O$25:$O$29,0))))))","v":1.3899999999999999E-2},null,null,"CONSTRUÇÃO DE REDES DE ABASTECIMENTO DE ÁGUA, COLETA DE ESGOTO E CONSTRUÇÕES CORRELATAS",0.20760000000000001,0.24179999999999999,0.26440000000000002]
["2.1","ISS",null,2.5000000000000001E-2,{"$nulls":4},"LUCRO",{"$f":"IF($A$10=\"CONSTRUÇÕES DE EDÍFICIOS\",INDEX($S$33:$S$36,MATCH($A$10,$O$25:$O$29,0)),IF($A$10=\"CONSTRUÇÃO DE RODOVIAS E FERROVIAS\",INDEX($S$33:$S$36,MATCH($A$10,$O$25:$O$29,0)),IF($A$10=\"CONSTRUÇÃO DE REDES DE ABASTECIMENTO DE ÁGUA, COLETA DE ESGOTO E CONSTRUÇÕES CORRELATAS\",INDEX($S$33:$S$36,MATCH($A$10,$O$25:$O$29,0)),IF($A$10=\"CONSTRUÇÃO E MANUTENÇÃO DE ESTAÇÕES\nE REDES DE DISTRIBUIÇÃO DE ENERGIA\nELÉTRICA\",INDEX($S$33:$S$36,MATCH($A$10,$O$25:$O$29,0)),INDEX($S$33:$S$36,MATCH($A$10,$O$25:$O$29,0))))))","v":6.1600000000000002E-2},{"$f":"IF($A$10=\"CONSTRUÇÕES DE EDÍFICIOS\",INDEX($T$33:$T$36,MATCH($A$10,$O$25:$O$29,0)),IF($A$10=\"CONSTRUÇÃO DE RODOVIAS E FERROVIAS\",INDEX($T$33:$T$36,MATCH($A$10,$O$25:$O$29,0)),IF($A$10=\"CONSTRUÇÃO DE REDES DE ABASTECIMENTO DE ÁGUA, COLETA DE ESGOTO E CONSTRUÇÕES CORRELATAS\",INDEX($T$33:$T$36,MATCH($A$10,$O$25:$O$29,0)),IF($A$10=\"CONSTRUÇÃO E MANUTENÇÃO DE ESTAÇÕES\nE REDES DE DISTRIBUIÇÃO DE ENERGIA\nELÉTRICA\",INDEX($T$33:$T$36,MATCH($A$10,$O$25:$O$29,0)),INDEX($T$33:$T$36,MATCH($A$10,$O$25:$O$29,0))))))","v":7.3999999999999996E-2},{"$f":"IF($A$10=\"CONSTRUÇÕES DE EDÍFICIOS\",INDEX($U$33:$U$36,MATCH($A$10,$O$25:$O$29,0)),IF($A$10=\"CONSTRUÇÃO DE RODOVIAS E FERROVIAS\",INDEX($U$33:$U$36,MATCH($A$10,$O$25:$O$29,0)),IF($A$10=\"CONSTRUÇÃO DE REDES DE ABASTECIMENTO DE ÁGUA, COLETA DE ESGOTO E CONSTRUÇÕES CORRELATAS\",INDEX($U$33:$U$36,MATCH($A$10,$O$25:$O$29,0)),IF($A$10=\"CONSTRUÇÃO E MANUTENÇÃO DE ESTAÇÕES\nE REDES DE DISTRIBUIÇÃO DE ENERGIA\nELÉTRICA\",INDEX($U$33:$U$36,MATCH($A$10,$O$25:$O$29,0)),INDEX($U$33:$U$36,MATCH($A$10,$O$25:$O$29,0))))))","v":8.9599999999999999E-2},null,null,"CONSTRUÇÃO E MANUTENÇÃO DE ESTAÇÕES E REDES DE DISTRIBUIÇÃO DE ENERGIA ELÉTRICA",0.24,0.25840000000000002,0.27860000000000001]
["2.2","PIS",null,6.4999999999999997E-3,{"$nulls":4},{"$f":"IF(OR($B$32>$L$19,$B$32<$J$19),\"FORA DO INTERVALO\",\"OK\")","v":"OK"},{"$f":"IF($A$10=\"CONSTRUÇÕES DE EDÍFICIOS\",INDEX($P$14:$P$18,MATCH($A$10,$O$25:$O$29,0)),IF($A$10=\"CONSTRUÇÃO DE RODOVIAS E FERROVIAS\",INDEX($P$14:$P$18,MATCH($A$10,$O$25:$O$29,0)),IF($A$10=\"CONSTRUÇÃO DE REDES DE ABASTECIMENTO DE ÁGUA, COLETA DE ESGOTO E CONSTRUÇÕES CORRELATAS\",INDEX($P$14:$P$18,MATCH($A$10,$O$25:$O$29,0)),IF($A$10=\"CONSTRUÇÃO E MANUTENÇÃO DE ESTAÇÕES\nE REDES DE DISTRIBUIÇÃO DE ENERGIA\nELÉTRICA\",INDEX($P$14:$P$18,MATCH($A$10,$O$25:$O$29,0)),INDEX($P$14:$P$18,MATCH($A$10,$O$25:$O$29,0))))))","v":0.2034},{"$f":"IF($A$10=\"CONSTRUÇÕES DE EDÍFICIOS\",INDEX($Q$14:$Q$18,MATCH($A$10,$O$25:$O$29,0)),IF($A$10=\"CONSTRUÇÃO DE RODOVIAS E FERROVIAS\",INDEX($Q$14:$Q$18,MATCH($A$10,$O$25:$O$29,0)),IF($A$10=\"CONSTRUÇÃO DE REDES DE ABASTECIMENTO DE ÁGUA, COLETA DE ESGOTO E CONSTRUÇÕES CORRELATAS\",INDEX($Q$14:$Q$18,MATCH($A$10,$O$25:$O$29,0)),IF($A$10=\"CONSTRUÇÃO E MANUTENÇÃO DE ESTAÇÕES\nE REDES DE DISTRIBUIÇÃO DE ENERGIA\nELÉTRICA\",INDEX($Q$14:$Q$18,MATCH($A$10,$O$25:$O$29,0)),INDEX($Q$14:$Q$18,MATCH($A$10,$O$25:$O$29,0))))))","v":0.22120000000000001},{"$f":"IF($A$10=\"CONSTRUÇÕES DE EDÍFICIOS\",INDEX($R$14:$R$18,MATCH($A$10,$O$25:$O$29,0)),IF($A$10=\"CONSTRUÇÃO DE RODOVIAS E FERROVIAS\",INDEX($R$14:$R$18,MATCH($A$10,$O$25:$O$29,0)),IF($A$10=\"CONSTRUÇÃO DE REDES DE ABASTECIMENTO DE ÁGUA, COLETA DE ESGOTO E CONSTRUÇÕES CORRELATAS\",INDEX($R$14:$R$18,MATCH($A$10,$O$25:$O$29,0)),IF($A$10=\"CONSTRUÇÃO E MANUTENÇÃO DE ESTAÇÕES\nE REDES DE DISTRIBUIÇÃO DE ENERGIA\nELÉTRICA\",INDEX($R$14:$R$18,MATCH($A$10,$O$25:$O$29,0)),INDEX($R$14:$R$18,MATCH($A$10,$O$25:$O$29,0))))))","v":0.25},null,null,"OBRAS PORTUÁRIAS, MARÍTIMAS E FLUVIAIS",0.22800000000000001,0.27479999999999999,0.3095]
["2.3","Cofins",null,0.03," "," "," "]
[]
[3,"SEGUROS, RISCOS E GARANTIAS",null,{"$f":"SUM(D23:D24)","v":2.07E-2},"r =","Seguros, Riscos e Garantias"]
["3.1","Seguros e garantias",null,8.0000000000000002E-3]
["3.2","Riscos",null,1.2699999999999999E-2,{"$nulls":10},"TIPOS DE OBRA","ADMINISTRAÇÃO CENTRAL",null,null,"SEGURO + GARANTIA",null,null,"RISCO"]
[{"$nulls":4}," "," ",{"$nulls":9},"1° QUARTIL","MÉDIO","3° QUARTIL","1° QUARTIL","MÉDIO","3° QUARTIL","1° QUARTIL","MÉDIO","3° QUARTIL"]
[4,"DESPESAS FINANCEIRAS",null,1.23E-2,"df  =","Despesas financeiras",{"$nulls":8},"CONSTRUÇÕES DE EDÍFICIOS",0.03,0.04,5.5E-2,8.0000000000000002E-3,8.0000000000000002E-3,0.01,9.7000000000000003E-3,1.2699999999999999E-2,1.2699999999999999E-2]
[{"$nulls":14},"CONSTRUÇÃO DE RODOVIAS E FERROVIAS",3.7999999999999999E-2,4.0099999999999997E-2,4.6699999999999998E-2,3.2000000000000002E-3,4.0000000000000001E-3,7.4000000000000003E-3,5.0000000000000001E-3,5.5999999999999999E-3,9.7000000000000003E-3]
[5,"LUCRO",null,7.3999999999999996E-2,"l =","Lucro",{"$nulls":8},"CONSTRUÇÃO DE REDES DE ABASTECIMENTO DE ÁGUA, COLETA DE ESGOTO E CONSTRUÇÕES CORRELATAS",3.4299999999999997E-2,4.9299999999999997E-2,6.7100000000000007E-2,2.8E-3,4.8999999999999998E-3,7.4999999999999997E-3,0.01,1.3899999999999999E-2,1.7399999999999999E-2]
[{"$nulls":14},"CONSTRUÇÃO E MANUTENÇÃO DE ESTAÇÕES E REDES DE DISTRIBUIÇÃO DE ENERGIA ELÉTRICA",5.2900000000000003E-2,5.9200000000000003E-2,7.9299999999999995E-2,2.5000000000000001E-3,5.1000000000000004E-3,5.5999999999999999E-3,0.01,1.4800000000000001E-2,1.9699999999999999E-2]
[{"$nulls":14},"OBRAS PORTUÁRIAS, MARÍTIMAS E FLUVIAIS",0.04,5.5199999999999999E-2,7.85E-2,8.0999999999999996E-3,1.2200000000000001E-2,1.9900000000000001E-2,1.46E-2,2.3199999999999998E-2,3.1600000000000003E-2]
["BDI = (((1+a+r)*(1+df)*(1+l))/(1-i))-1"]
["BDI =",{"$f":"((((1+D15+D22)*(1+D26)*(1+D28))/(1-D17))-1)","v":0.22877342476291962},"calculado",{"$nulls":11},"TIPOS DE OBRA","DESPESAS FINANCEIRAS",null,null,"LUCRO"]
["BDI =",0.22900000000000001,"adotado",{"$nulls":12},"1° QUARTIL","MÉDIO","3° QUARTIL","1° QUARTIL","MÉDIO","3° QUARTIL"]
[" ",{"$nulls":13},"CONSTRUÇÕES DE EDÍFICOS",5.8999999999999999E-3,1.23E-2,1.3899999999999999E-2,6.1600000000000002E-2,7.3999999999999996E-2,8.9599999999999999E-2]
["*Fórmula BDI conforme Acórdão 2622/2013 do TCU",{"$nulls":13},"CONSTRUÇÃO DE RODOVIAS E FERROVIAS",1.0200000000000001E-2,1.11E-2,1.21E-2,6.6400000000000001E-2,7.2999999999999995E-2,8.6900000000000005E-2]
[{"$nulls":14},"CONSTRUÇÃO DE REDES DE ABASTECIMENTO DE ÁGUA, COLETA DE ESGOTO E CONSTRUÇÕES CORRELATAS",9.4000000000000004E-3,9.9000000000000008E-3,1.17E-2,6.7400000000000002E-2,8.0399999999999999E-2,9.4E-2]
[{"$nulls":14},"CONSTRUÇÃO E MANUTENÇÃO DE ESTAÇÕES\nE REDES DE DISTRIBUIÇÃO DE ENERGIA\nELÉTRICA",1.01E-2,1.0699999999999999E-2,1.11E-2,0.08,8.3099999999999993E-2,9.5100000000000004E-2]
[{"$nulls":14},"OBRAS PORTUÁRIAS, MARÍTIMAS E FLUVIAIS",9.4000000000000004E-3,1.0200000000000001E-2,1.3299999999999999E-2,7.1400000000000005E-2,8.4000000000000005E-2,0.1043]

{"sheet":"BDI_MAT","index":3,"n_rows":34,"n_cols":12,"rows_kept":34,"cut":false,"hidden":false,"merged":[[29,0,29,3],[32,0,32,1],[21,1,21,2],[22,1,22,2],[23,1,23,2],[24,1,24,2],[25,1,25,2],[18,1,18,2],[18,4,18,6],[19,1,19,2],[20,1,20,2],[26,1,26,2],[15,1,15,2],[15,4,15,6],[16,1,16,2],[16,4,16,6],[17,1,17,2],[11,8,12,11],[12,1,12,2],[13,1,13,2],[13,4,13,6],[14,1,14,2],[9,0,10,0],[9,1,10,2],[9,3,10,3],[10,4,10,6],[11,1,11,2]]}
[{"$f":"#REF!","v":{"$error":"#REF!"}}]
[{"$f":"#REF!","v":{"$error":"#REF!"}}]
[{"$f":"#REF!","v":{"$error":"#REF!"}}]
["DETALHAMENTO DO BDI - MATERIAIS"]
["Local:",{"$f":"#REF!","v":{"$error":"#REF!"}},null,null,null,"BDI Serviços:",{"$f":"BDI_SERV!B33","v":0.22900000000000001}]
["Data:",{"$f":"#REF!","v":{"$error":"#REF!"}},null,null,null,"BDI Materiais:",{"$f":"B32","v":0.153}]
["Bases:",{"$f":"#REF!","v":{"$error":"#REF!"}},null,null,null,"Revisão:",{"$f":"#REF!","v":{"$error":"#REF!"}}]
[]
[]
["ITEM","DESCRIÇÃO DOS SERVIÇOS",null,"%"]
[]
[{"$nulls":8},"BDI PARA ITENS DE MERO FORNECIMENTO DE MATERIAIS E EQUIPAMENTOS"]
[1,"ADMINISTRAÇÃO CENTRAL",null,3.45,"a =","Administração Central"]
[" "," ",null," ",{"$nulls":4},"DESCRIÇÃO DO SERVIÇOS","1° QUARTIL","MÉDIO","3° QUARTIL"]
[2,"IMPOSTOS E TAXAS",null,{"$f":"SUM(D16:D18)","v":3.65},"i =","Impostos",null,null,"ADMINISTRAÇÃO CENTRAL",1.4999999999999999E-2,3.4500000000000003E-2,4.4900000000000002E-2]
["2.1","ISS",null,0,{"$nulls":4},"SEGUROS E GARANTIAS",3.0000000000000001E-3,4.7999999999999996E-3,8.2000000000000007E-3]
["2.2","PIS",null,0.65,{"$nulls":4},"RISCOS",5.5999999999999999E-3,8.5000000000000006E-3,8.8999999999999999E-3]
["2.3","Cofins",null,3," "," "," ",null,"DESPESAS FINANCEIRAS",8.5000000000000006E-3,8.5000000000000006E-3,1.11E-2]
[{"$nulls":8},"LUCRO",3.5000000000000003E-2,5.11E-2,6.2199999999999998E-2]
[3,"SEGUROS, RISCOS E GARANTIAS",null,{"$f":"SUM(D21:D22)","v":1.33},"r =","Seguros, Riscos e Garantias",null,null,{"$f":"IF(OR($B$31>$L$20,$B$31<$J$20),\"FORA DO INTERVALO\",\"OK\")","v":"OK"},0.111,0.14019999999999999,0.16800000000000001]
["3.1","Seguros e garantias",null,0.48]
["3.2","Riscos",null,0.85]
[{"$nulls":4}," "," "]
[4,"DESPESAS FINANCEIRAS",null,0.85,"df  =","Despesas financeiras"]
[]
[5,"LUCRO",null,5.1100000000000003,"l =","Lucro"]
[]
[]
[]
["BDI = (((1+a+r)*(1+df)*(1+l))/(1-i))-1"]
["BDI =",{"$f":"((((1+D13/100+D20/100)*(1+D24/100)*(1+D26/100))/(1-D15/100))-1)","v":0.15278047942916428},"calculado"]
["BDI =",0.153,"adotado"]
[" "]
["*Fórmula BDI conforme Acórdão 2622/2013 do TCU"]

{"sheet":"CRONOGRAMA","index":4,"n_rows":35,"n_cols":13,"rows_kept":35,"cut":false,"hidden":false,"merged":[[5,0,6,0],[5,1,6,1],[7,0,8,0],[7,1,8,1],[0,0,0,12],[1,0,1,12],[2,0,2,9],[2,10,2,12],[3,0,3,3],[3,4,3,6],[3,7,3,12],[9,0,10,0],[9,1,10,1],[11,0,12,0],[11,1,12,1],[13,0,14,0],[13,1,14,1],[15,0,16,0],[15,1,16,1],[17,0,18,0],[17,1,18,1],[19,0,20,0],[19,1,20,1],[34,0,34,1],[34,2,34,3],[21,0,22,0],[21,1,22,1],[23,0,24,0],[23,1,24,1],[25,0,26,0],[25,1,26,1],[27,0,28,0],[27,1,28,1],[29,0,30,0],[29,1,30,1],[33,2,33,3]]}
["CRONOGRAMA FÍSISCO-FINANCEIRO"]
["OBRA: NOVO GALPÃO DA 1ª SR- MONTES CLAROS - MG"]
["LOCAL: 1ª SR , MUNICIPIO DE MONTES CLAROS-MG ",{"$nulls":9},"DATA: NOVEMBRO/2023"]
["VALOR DO CONTRATO:",null,null,null,{"$f":"'PLANILH ORÇAMENTÁRIA'!I9","v":903944.92},null,null,"PRAZO: 180 DIAS"]
["ITEM","ETAPAS/DESCRIÇAO","FISICO/  FINANCEIRO","TOTAL    ETAPAS","MÊS 1","MÊS 2","MÊS 3","MÊS 4","MÊS 5","MÊS 6","MÊS 7","MÊS 8","TOTAL "]
[1,{"$f":"'PLANILH ORÇAMENTÁRIA'!D10","v":"ITENS DE RATEIO"},"FÍSICO ",0.14477261512792172,8.0566391197582285E-2,0.10995746073586816,0.11904866568699124,0.21632455866400821,0.18450534133507743,0.28959758238047273,null,null,1]
[null,null,"FINANCEIRO",130866.46999999999,10543.439216666666,14389.744736666667,15579.478636666667,28309.631366666668,24145.562716666667,37898.613326666658,null,null,130866.46999999999]
[2,{"$f":"'PLANILH ORÇAMENTÁRIA'!D15","v":"NOVO GALPÃO"},"FÍSICO ",0.85522738487207828,3.3482793369806127E-2,0.10591884950356592,0.11784501948023515,0.22408830630319598,0.18659066295277016,0.33207436839042653,null,null,0.99999999999999978]
[null,null,"FINANCEIRO",773078.45000000007,25884.826000000001,81883.580000000016,91103.445000000007,173237.84049999999,144249.2205,256719.53799999997,null,null,773078.45]
["2.1",{"$f":"'PLANILH ORÇAMENTÁRIA'!D16","v":"SERVIÇOS PRELIMINARES"},"FÍSICO ",2.4175864609095873E-2,0.91685805346017701,3.5632262802781221E-2,4.7509683737041633E-2,{"$nulls":5},0.99999999999999989]
[null,null,"FINANCEIRO",21853.65,20036.695,778.69499999999994,1038.26,{"$nulls":5},21853.649999999998]
["2.2",{"$f":"'PLANILH ORÇAMENTÁRIA'!D25","v":"MOVIMENTO DE TERRA"},"FÍSICO ",1.7882770998923252E-2,2.4519271217392599E-2,0.31771471026363068,0.29319543904623807,0.29648723417943912,6.808334529329961E-2,0,null,null,1]
[null,null,"FINANCEIRO",16165.039999999999,396.35500000000002,5135.8710000000001,4739.5159999999996,4792.7280000000001,1100.57,0,null,null,16165.04]
["2.3",{"$f":"'PLANILH ORÇAMENTÁRIA'!D32","v":"FUNDAÇÕES/ ESTRUTURAS DE CONCRETO ARMADO"},"FÍSICO ",0.24318862259881938,2.4800062885208297E-2,0.34558212305994773,0.17930313327005995,3.4360825353802082E-2,8.3190771086196408E-2,0.33276308434478563,null,null,1.0000000000000002]
[null,null,"FINANCEIRO",219829.12,5451.7760000000007,75969.01400000001,39416.050000000003,7553.51,18287.754000000001,73151.016000000003,null,null,219829.12]
["2.4",{"$f":"'PLANILH ORÇAMENTÁRIA'!D41","v":"CONTRUÇÃO CIVIL"},"FÍSICO ",0.12270104908604387,null,null,4.0816340514478702E-2,0.1808663734270724,0.15110666285954677,0.6272106231989022,null,null,1]
[null,null,"FINANCEIRO",110914.99,null,null,4527.1440000000002,20060.792000000001,16759.994000000002,69567.060000000012,null,null,110914.99000000002]
["2.5",{"$f":"'PLANILH ORÇAMENTÁRIA'!D53","v":"COBERTURA"},"FÍSICO ",7.2355492633334337E-2,{"$nulls":5},1,null,null,1]
[null,null,"FINANCEIRO",65405.38,{"$nulls":5},65405.38,null,null,65405.38]
["2.6",{"$f":"'PLANILH ORÇAMENTÁRIA'!D58","v":"ESTRUTURAS METÁLICAS"},"FÍSICO ",0.22951341991058483,null,null,0.17250808789367431,0.48099676484253023,0.34649514726379538,null,null,null,0.99999999999999989]
[null,null,"FINANCEIRO",207467.49000000002,null,null,35789.82,99791.191500000001,71886.478499999997,null,null,null,207467.49]
["2.7",{"$f":"'PLANILH ORÇAMENTÁRIA'!D66","v":"PINTURAS"},"FÍSICO ",5.153413550905292E-2,null,null,9.9999999999999992E-2,0.6,0.3,null,null,null,1]
[null,null,"FINANCEIRO",46584.020000000004,null,null,4658.402,27950.412,13975.206,null,null,null,46584.02]
["2.8",{"$f":"'PLANILH ORÇAMENTÁRIA'!D69","v":"SERVIÇOS DIVERSOS"},"FÍSICO ",4.764407548194418E-2,null,null,2.1692700920087998E-2,0.13015620552052798,0.14704258094596359,0.70110851261342044,null,null,1]
[null,null,"FINANCEIRO",43067.619999999995,null,null,934.25300000000016,5605.518,6332.7739999999994,30195.074999999997,null,null,43067.619999999995]
["2.9",{"$f":"'PLANILH ORÇAMENTÁRIA'!D74","v":"ASSENTAMENTOS"},"FÍSICO ",7.1143383382252972E-3,{"$nulls":4},0.5,0.5,null,null,1]
[null,null,"FINANCEIRO",6430.9699999999993,{"$nulls":4},3215.4849999999997,3215.4849999999997,null,null,6430.9699999999993]
["2.10",{"$f":"'PLANILH ORÇAMENTÁRIA'!D78","v":"INSTALAÇÕES ELÉTRICAS"},"FÍSICO ",1.1521210827757072E-2,{"$nulls":4},0.5,0.5,null,null,1]
[null,null,"FINANCEIRO",10414.540000000001,{"$nulls":4},5207.2700000000004,5207.2700000000004,null,null,10414.540000000001]
["2.11",{"$f":"'PLANILH ORÇAMENTÁRIA'!D86","v":"MATERIAIS"},"FÍSICO ",2.7596404878297232E-2,null,null,null,0.3,0.3,0.4,null,null,1]
[null,null,"FINANCEIRO",24945.63,null,null,null,7483.6889999999994,7483.6889999999994,9978.2520000000004,null,null,24945.629999999997]
[null,null,"FÍSICO ",1,4.0299208956964615E-2,0.10650352981315132,0.11801927448927604,0.22296432825427753,0.186288765488794,0.32592489299753641]
[null,null,"FINANCEIRO",903944.92,36428.265216666667,96273.324736666691,106682.92363666667,201547.47186666666,168394.78321666666,294618.15132666664]
[null,null,"FÍSICO  ACUMULADO",null,4.0299208956964615E-2,0.14680273877011593,0.26482201325939198,0.48778634151366951,0.67407510700246354,1]
[null,null,"FINANCEIRO ACUMULADO",null,36428.265216666667,132701.58995333337,239384.51359000005,440931.98545666668,609326.76867333334,903944.91999999993,null,null,903944.92]